| Registos Bibliográficos associados ao registo de autoridade |
|
Etiqueta de registo: 00516cam 2200205 450 001 746575 003 http://id.bnportugal.gov.pt/bib/catbnp/746575 100 ## $a19940111d1947 m y0pory01030103ba 101 1# $apor 102 ## $aPT 105 ## $aa z 000yy 106 ## $ar 200 1# $aNorma (Bellini) 205 ## $a2ª ed. actualizada 210 #9 $aLisboa$cManuel B. Calarrão,$dimp. 1947 215 ## $a36 p.$cil.$d19 cm 225 2# $aÓpera$fdir. Mário de Sampayo Ribeiro$v3 606 ## $aÓperas$x[Argumentos]$2SIPOR$31273101 675 ## $a78.089.1$vBN$zpor$3506605 702 #1 $aBellini,$bVincenzo,$f1801-1835$4230$342355 702 #1 $aRibeiro,$bMário de Sampaio,$f1898-1966$4300$384758 702 #1 $aCalarrão,$bManuel B.,$ffl. 1940$4650$3132617 801 #0 $aPT$bBN$gRPC 966 ## $lBN$mFGMON$sL. 44090//3 P. $x1 976 ## $d20260331$rjamaral 997 ## $aBIBEOD
Etiqueta de registo: 00269nam 2200145 450 001 1843629 003 http://id.bnportugal.gov.pt/bib/catbnp/1843629 100 ## $a20130708d1949 m y0pory01030103ba 101 1# $apor 102 ## $aPT 105 ## $aa z 000yy 106 ## $ar 200 1# $a A força do destino 210 #9 $aLisboa$cManuel B. Calarrão,$dimp. 1949 215 ## $a47, [1] p.$cil$d19 cm 225 2# $aÓpera$fdir. Mário de Sampayo Ribeiro$v28 317 ## $aConservatório Nacional$5PTBN: C.N. 424 P. 606 ## $aÓperas$x[Argumentos]$2SIPOR$31273101 675 ## $a78.089.1$vBN$zpor$3506605 702 #1 $aVerdi,$bGiuseppe,$f1813-1901$4230$352891 702 #1 $aRibeiro,$bMário de Sampaio,$f1898-1966$4300$384758 702 #1 $aCalarrão,$bManuel B.,$ffl. 1940$4650$3132617 712 01 $aPortugal.$bConservatório Nacional.$bEscola de Música$4390$31172174 801 #0 $aPT$bBN$gRPC 966 ## $lBN$mFGMON$sL. 44084//4 P. 966 ## $lBN$mMUSICA$pConservatório Nacional$sC.N. 424 P. $x7 966 ## $lBN$mMUSICA$sM. 1984 P.$x2 976 ## $d20260407$rjamaral 997 ## $aBIBEOD
Etiqueta de registo: 00269nam 2200145 450 001 1843628 003 http://id.bnportugal.gov.pt/bib/catbnp/1843628 100 ## $a20130708d1946 m y0pory01030103ba 101 1# $apor 102 ## $aPT 105 ## $aa z 000yy 106 ## $ar 200 1# $aLohengrin (Wagner) 210 #9 $aLisboa$cManuel B. Calarrão,$dimp. 1946 215 ## $a40 p.$cil.$d19 cm 225 2# $aÓpera$fdir. Mário de Sampayo Ribeiro$v5 606 ## $aÓperas$x[Argumentos]$2SIPOR$31273101 675 ## $a78.089.1$vBN$zpor$3506605 702 #1 $aWagner,$bJoseph,$f1706-1780$4230$3246166 702 #1 $aRibeiro,$bMário de Sampaio,$f1898-1966$4300$384758 702 #1 $aCalarrão,$bManuel B.,$ffl. 1940$4650$3132617 801 #0 $aPT$bBN$gRPC 966 ## $lBN$mFGMON$sL. 44081//5 P. 966 ## $lBN$mMUSICA$sM. 1964 P.$x2 976 ## $d20260401$rjamaral 997 ## $aBIBEOD
Etiqueta de registo: 00269nam 2200145 450 001 1836783 003 http://id.bnportugal.gov.pt/bib/catbnp/1836783 100 ## $a20130415d1947 m y0pory01030103ba 101 1# $apor 102 ## $aPT 105 ## $aa z 000yy 106 ## $ar 200 1# $aAndré Chénier (Giordano) 210 #1 $aLisboa$cManuel B. Calarrão,$dimp. 1947 215 ## $a70, [1] p.$cil.$d19 cm 225 2# $aÓpera$fdir. Mário de Sampayo Ribeiro$v15-16 317 ## $aConservatório Nacional$5PTBN: C.N. 415 P. 606 ## $aÓperas$x[Argumentos]$2SIPOR$31273101 675 ## $a78.089.1$vBN$zpor$3506605 702 #1 $aRibeiro,$bMário de Sampaio,$f1898-1966$4300$384758 702 #1 $aCalarrão,$bManuel B.,$ffl. 1940$4650$3132617 702 #1 $aGiordani,$bGiuseppe,$f1751-1798$4230$31146771 712 01 $aPortugal.$bConservatório Nacional.$bEscola de Música$4390$31172174 801 #0 $aPT$bBN$gRPC 966 ## $lBN$mFGMON$sL. 44082//7 P. 966 ## $lBN$mMUSICA$pConservatório Nacional$sC.N. 415 P. $x7 966 ## $lBN$mMUSICA$sM. 1973 P.$x2 976 ## $d20260402$rjamaral 997 ## $aBIBEOD
Etiqueta de registo: 00269nam 2200145 450 001 1836776 003 http://id.bnportugal.gov.pt/bib/catbnp/1836776 100 ## $a20130415d1946 k y0pory01030103ba 101 1# $apor 102 ## $aPT 105 ## $aa z 000yy 106 ## $ar 200 1# $aTosca (Puccini) 210 #1 $aLisboa$cManuel B. Calarrão,$dimp. 1946 215 ## $a48 p.$cil.$d19 cm 225 2# $aÓpera$fdir. Mário de Sampayo Ribeiro$v8 606 ## $aÓperas$x[Argumentos]$2SIPOR$31273101 675 ## $a78.089.1$vBN$zpor$3506605 702 #1 $aPuccini,$bGiacomo,$f1858-1924$4230$387927 702 #1 $aRibeiro,$bMário de Sampaio,$f1898-1966$4300$384758 702 #1 $aCalarrão,$bManuel B.,$ffl. 1940$4650$3132617 801 #0 $aPT$bBN$gRPC 966 ## $lBN$mFGMON$sL. 44081//8 P. 966 ## $lBN$mMUSICA$sM. 1967 P.$x2 976 ## $d20260401$rjamaral 997 ## $aBIBEOD
Etiqueta de registo: 00269nam 2200145 450 001 1836768 003 http://id.bnportugal.gov.pt/bib/catbnp/1836768 100 ## $a20130415d1946 m y0pory01030103ba 101 1# $apor 102 ## $aPT 105 ## $aa z 000yy 106 ## $ar 200 1# $a La bohême (Puccini) 210 #1 $aLisboa$cManuel B. Calarrão,$dimp. 1946 215 ## $a40 p.$cil.$d19 cm 225 2# $aÓpera$fdir. Mario de Sampayo Ribeiro$v4 606 ## $aÓperas$x[Argumentos]$2SIPOR$31273101 675 ## $a78.089.1$vBN$zpor$3506605 702 #1 $aPuccini,$bGiacomo,$f1858-1924$4230$387927 702 #1 $aRibeiro,$bMário de Sampaio,$f1898-1966$4300$384758 702 #1 $aCalarrão,$bManuel B.,$ffl. 1940$4650$3132617 801 #0 $aPT$bBN$gRPC 966 ## $lBN$mFGMON$sL. 44081//4 P. 966 ## $lBN$mMUSICA$sM. 1963 P.$x2 976 ## $d20260401$rjamaral 997 ## $aBIBEOD
Etiqueta de registo: 00230nam 2200025 450 001 1745903 003 http://id.bnportugal.gov.pt/bib/catbnp/1745903 100 ## $a20100514f19401949m y0pory01030103ba 101 1# $apor 102 ## $aPT 105 ## $aa z 000yy 106 ## $ar 200 1# $aRigoleto (Verdi) 210 #9 $aLisboa$cManuel B. Calarrão,$d[194-] 215 ## $a32 p.$cil.$d19 cm 225 2# $aÓpera$fdir. Mário de Sampaio Ribeiro$v1 606 ## $aÓperas$x[Argumentos]$2SIPOR$31273101 675 ## $a78.089.1$vBN$zpor$3506605 702 #1 $aVerdi,$bGiuseppe,$f1813-1901$4230$352891 702 #1 $aRibeiro,$bMário de Sampaio,$f1898-1966$4300$384758 702 #1 $aCalarrão,$bManuel B.,$ffl. 1940$4650$3132617 801 #0 $aPT$bBN$gRPC 966 ## $lBN$mFGMON$sL. 44081//1 P. 966 ## $lBN$mMUSICA$sM. 1960 P.$x2 976 ## $d20260401$rjamaral 997 ## $aBIBEOD
Etiqueta de registo: 00596cam 2200205 450 001 549107 003 http://id.bnportugal.gov.pt/bib/catbnp/549107 100 ## $a19950719d1947 m y0pory01030103ba 101 1# $apor 102 ## $aPT 105 ## $aa z 000yy 106 ## $ar 200 1# $aAida (Verdi) 205 ## $a2ª ed., revista e actualizada 210 #9 $aLisboa$cManuel B. Calarrão,$dimp. 1947 215 ## $a48 p.$cil.$d19 cm 225 2# $aÓpera$fdir. Mário de Sampayo Ribeiro$v9 606 ## $aÓperas$x[Argumentos]$2SIPOR$31273101 675 ## $a78.089.1$vBN$zpor$3506605 702 #1 $aVerdi,$bGiuseppe,$f1813-1901$4230$352891 702 #1 $aRibeiro,$bMário de Sampaio,$f1898-1966$4300$384758 702 #1 $aCalarrão,$bManuel B.,$ffl. 1940$4650$3132617 801 #0 $aPT$bBN$gRPC 966 ## $lBN$mFGMON$sL. 44090//9 P. 976 ## $d20260402$rjamaral 997 ## $aBIBEOD
Etiqueta de registo: 00491cam 2200193 450 001 755132 003 http://id.bnportugal.gov.pt/bib/catbnp/755132 100 ## $a19940118d1950 m y0pory01030103ba 101 1# $apor 102 ## $aPT 105 ## $aa z 000yy 106 ## $ar 200 1# $aOtelo (Verdi) 210 #9 $aLisboa$cManuel B. Calarrão,$dimp. 1950 215 ## $a63, [1] p.$cil.$d19 cm 225 2# $aÓpera$fdir. Mário de Sampayo Ribeiro$v37 606 ## $aÓperas$x[Argumentos]$2SIPOR$31273101 675 ## $a78.089.1$vBN$zpor$3506605 702 #1 $aVerdi,$bGiuseppe,$f1813-1901$4230$352891 702 #1 $aRibeiro,$bMário de Sampaio,$f1898-1966$4300$384758 702 #1 $aCalarrão,$bManuel B.,$ffl. 1940$4650$3132617 801 #0 $aPT$bBN$gRPC 966 ## $lBN$mFGMON$pBiblioteca Popular$sB.A. 7103 P.$x6 966 ## $lBN$mFGMON$sL. 44085//5 P. 966 ## $lBN$mMUSICA$sM. 1993 P.$x2 976 ## $d20260407$rjamaral 997 ## $aBIBEOD
Etiqueta de registo: 00577cam 2200205 450 001 755058 003 http://id.bnportugal.gov.pt/bib/catbnp/755058 100 ## $a19940118d1950 m y0pory01030103ba 101 1# $apor 102 ## $aPT 105 ## $aa z 000yy 106 ## $ar 200 1# $aHamlet (Thomas) 210 #9 $aLisboa$cManuel B. Calarrão,$dimp. 1950 215 ## $a47, [1] p.$cil.$d19 cm 225 2# $aÓpera$fdir. Mário de Sampayo Ribeiro$v38 317 ## $aConservatório Nacional$5PTBN: C.N. 433 P. 606 ## $aÓperas$x[Argumentos]$2SIPOR$31273101 675 ## $a78.089.1$vBN$zpor$3506605 702 #1 $aThomas,$bAmbroise,$f1811-1896$4230$3256993 702 #1 $aRibeiro,$bMário de Sampaio,$f1898-1966$4300$384758 702 #1 $aCalarrão,$bManuel B.,$ffl. 1940$4650$3132617 712 01 $aPortugal.$bConservatório Nacional.$bEscola de Música$4390$31172174 801 #0 $aPT$bBN$gRPC 966 ## $lBN$mFGMON$pBiblioteca Popular$sB.A. 6821 P.$x6 966 ## $lBN$mFGMON$sL. 44085//6 P. 966 ## $lBN$mMUSICA$pConservatório Nacional$sC.N. 433 P. $x7 966 ## $lBN$mMUSICA$sM. 1994 P.$x2 976 ## $d20260407$rjamaral 997 ## $aBIBEOD
Etiqueta de registo: 00482cam 2200193 450 001 755244 003 http://id.bnportugal.gov.pt/bib/catbnp/755244 100 ## $a19940118d1950 m y0pory01030103ba 101 1# $apor 102 ## $aPT 105 ## $aa z 000yy 106 ## $ar 200 1# $aTannhäuser (Wagner) 210 #9 $aLisboa$cManuel B. Calarrão,$dimp. 1950 215 ## $a63, [1] p.$cil.$d18 cm 225 2# $aÓpera$fdir. Mário de Sampayo Ribeiro$v40 317 ## $aConservatório Nacional$5PTBN: C.N. 435 P. 606 ## $aÓperas$x[Argumentos]$2SIPOR$31273101 675 ## $a78.089.1$vBN$zpor$3506605 702 #1 $aWagner,$bRichard,$f1813-1883$4230$336996 702 #1 $aRibeiro,$bMário de Sampaio,$f1898-1966$4300$384758 702 #1 $aCalarrão,$bManuel B.,$ffl. 1940$4650$3132617 712 01 $aPortugal.$bConservatório Nacional.$bEscola de Música$4390$31172174 801 #0 $aPT$bBN$gRPC 966 ## $lBN$mFGMON$sB.R. 11571 966 ## $lBN$mFGMON$sL. 44085//8 P. 966 ## $lBN$mFGMON$pBiblioteca Popular$sL. 96016 P.$x6 966 ## $lBN$mMUSICA$pConservatório Nacional$sC.N. 435 P. $x7 966 ## $lBN$mMUSICA$sM. 1996 P.$x2 976 ## $d20260407$rjamaral 997 ## $aBIBEOD
Etiqueta de registo: 00489cam 2200193 450 001 747637 003 http://id.bnportugal.gov.pt/bib/catbnp/747637 100 ## $a19940112d1947 m y0pory01030103ba 101 1# $apor 102 ## $aPT 105 ## $aa z 000yy 106 ## $ar 200 1# $aCavalleria rusticana (Mascagni) 210 #9 $aLisboa$cManuel B. Calarrão,$dimp. 1947 215 ## $a35, [1] p.$cil.$d19 cm 225 2# $aÓpera$fdir. Mário de Sampayo Ribeiro$v14 317 ## $aConservatório Nacional$5PTBN: C.N. 414 P. 606 ## $aÓperas$x[Argumentos]$2SIPOR$31273101 675 ## $a78.089.1$vBN$zpor$3506605 702 #1 $aMascagni,$bPietro,$f1863-1945$4230$3269135 702 #1 $aRibeiro,$bMário de Sampaio,$f1898-1966$4300$384758 702 #1 $aCalarrão,$bManuel B.,$ffl. 1940$4650$3132617 712 01 $aPortugal.$bConservatório Nacional.$bEscola de Música$4390$31172174 801 #0 $aPT$bBN$gRPC 966 ## $lBN$mFGMON$sL. 44082//6 P. 966 ## $lBN$mMUSICA$pConservatório Nacional$sC.N. 414 P. $x7 966 ## $lBN$mMUSICA$sM. 1972 P.$x2 976 ## $d20260402$rjamaral 997 ## $aBIBEOD
Etiqueta de registo: 00547cam 22001811 450 001 746669 003 http://id.bnportugal.gov.pt/bib/catbnp/746669 005 19990108000000.0 095 ## $aPTBN00533945 100 ## $a19940111d1947 m y0pory0103 ba 101 0# $apor 102 ## $aPT 200 1# $aAuxiliar do viajante a Madrid$evocabulário de Francisco Gimenez$fed. lit. Manuel B. Calarräo 210 #9 $a[S.l.$cs.n.],$d1947$eLisboa :$gTip. Garcia & Carvalho) 215 ## $a110, LXXVII$d19 cm 702 #1 $aCalarrão,$bManuel B.,$ffl. 1940$4340$3132617 801 #0 $aPT$bBN$gRPC 966 ## $lBN$mFGMON$sH.G. 27764 P. 998 ## $aCR608-363
Etiqueta de registo: 00475cam 2200193 450 001 746588 003 http://id.bnportugal.gov.pt/bib/catbnp/746588 100 ## $a19940111d1947 m y0pory01030103ba 101 1# $apor 102 ## $aPT 105 ## $aa z 000yy 106 ## $ar 200 1# $aCarmen (Bizet) 210 #9 $aLisboa$cManuel B. Calarrão,$dimp. 1947 215 ## $a48 p.$cil.$d19 cm 225 2# $aÓpera$fdir. Mário de Sampayo Ribeiro$v11 606 ## $aÓperas$x[Argumentos]$2SIPOR$31273101 675 ## $a78.089.1$vBN$zpor$3506605 702 #1 $aBizet,$bGeorges,$cpseud.$4230$326479 702 #1 $aRibeiro,$bMário de Sampaio,$f1898-1966$4300$384758 702 #1 $aCalarrão,$bManuel B.,$ffl. 1940$4650$3132617 801 #0 $aPT$bBN$gRPC 966 ## $lBN$mFGMON$sL. 44082//3 P. 966 ## $lBN$mMUSICA$sM. 1677 P.$x6 966 ## $lBN$mMUSICA$sM. 1969 P.$x2 976 ## $d20260401$rjamaral 997 ## $aBIBEOD
Etiqueta de registo: 00468cam 2200193 450 001 742065 003 http://id.bnportugal.gov.pt/bib/catbnp/742065 100 ## $a19940105d1946 m y0pory01030103ba 101 1# $apor 102 ## $aPT 105 ## $aa z 000yy 106 ## $ar 200 1# $aAida (Verdi) 210 #9 $aLisboa$cManuel B. Calarrão,$dimp. 1946 215 ## $a48 p.$cil.$d19 cm 225 2# $aÓpera$fdir. Mário de Sampayo Ribeiro$v9 606 ## $aÓperas$x[Argumentos]$2SIPOR$31273101 675 ## $a78.089.1$vBN$zpor$3506605 702 #1 $aVerdi,$bGiuseppe,$f1813-1901$4230$352891 702 #1 $aRibeiro,$bMário de Sampaio,$f1898-1966$4300$384758 702 #1 $aCalarrão,$bManuel B.,$ffl. 1940$4650$3132617 801 #0 $aPT$bBN$gRPC 966 ## $lBN$mFGMON$sL. 44082 P. 976 ## $d20260415$rjamaral 997 ## $aBIBEOD
Etiqueta de registo: 00563cam 2200193 450 001 548665 003 http://id.bnportugal.gov.pt/bib/catbnp/548665 100 ## $a19950718d1952 m y0pory01030103ba 101 1# $apor 102 ## $aPT 105 ## $aa z 000yy 106 ## $ar 200 1# $a Der freischütz (Weber) 210 #9 $aLisboa$cManuel B. Calarrão,$dimp. 1952 215 ## $a54, [1] p.$cil.$d19 cm 225 2# $aÓpera$fdir. Mário de Sampayo Ribeiro$v57 606 ## $aÓperas$x[Argumentos]$2SIPOR$31273101 675 ## $a78.089.1$vBN$zpor$3506605 702 #1 $aWeber,$bCarl Maria von,$f1786-1826$4230$347678 702 #1 $aRibeiro,$bMário de Sampaio,$f1898-1966$4300$384758 702 #1 $aCalarrão,$bManuel B.,$ffl. 1940$4650$3132617 801 #0 $aPT$bBN$gRPC 966 ## $lBN$mFGMON$sB.R. 11581 966 ## $lBN$mFGMON$sL. 44088//1 P. 966 ## $lBN$mMUSICA$sM. 2013 P.$x2 976 ## $d20260408$rjamaral 997 ## $aBIBEOD
Etiqueta de registo: 00543cam 2200193 450 001 548814 003 http://id.bnportugal.gov.pt/bib/catbnp/548814 100 ## $a19950719d1946 m y0pory01030103ba 101 1# $apor 102 ## $aPT 105 ## $aa z 000yy 106 ## $ar 200 1# $aAida (Verdi) 210 #9 $aLisboa$cManuel B. Calarrão,$dimp. 1946 215 ## $a48 p.$cil.$d19 cm 225 2# $aÓpera$fdir. Mário de Sampayo Ribeiro$v9 606 ## $aÓperas$x[Argumentos]$2SIPOR$31273101 675 ## $a78.089.1$vBN$zpor$3506605 702 #1 $aVerdi,$bGiuseppe,$f1813-1901$4230$352891 702 #1 $aRibeiro,$bMário de Sampaio,$f1898-1966$4300$384758 702 #1 $aCalarrão,$bManuel B.,$ffl. 1940$4650$3132617 801 #0 $aPT$bBN$gRPC 966 ## $lBN$mFGMON$sL. 44082//1 P. 976 ## $d20260402$rjamaral 997 ## $aBIBEOD
Etiqueta de registo: 00593cam 2200205 450 001 549094 003 http://id.bnportugal.gov.pt/bib/catbnp/549094 100 ## $a19950719d1947 m y0pory01030103ba 101 1# $apor 102 ## $aPT 105 ## $aa z 000yy 106 ## $ar 200 1# $a La bohême (Puccini) 205 ## $a2ª ed., rev 210 #9 $aLisboa$cManuel B. Calarrão,$dimp. 1947 215 ## $a36 p.$cil.$d19 cm 225 2# $aÓpera$fdir. Mário de Sampayo Ribeiro$v4 606 ## $aÓperas$x[Argumentos]$2SIPOR$31273101 675 ## $a78.089.1$vBN$zpor$3506605 702 #1 $aPuccini,$bGiacomo,$f1858-1924$4230$387927 702 #1 $aRibeiro,$bMário de Sampaio,$f1898-1966$4300$384758 702 #1 $aCalarrão,$bManuel B.,$ffl. 1940$4650$3132617 801 #0 $aPT$bBN$gRPC 966 ## $lBN$mFGMON$sL. 44090//4 P. 976 ## $d20260401$rjamaral 997 ## $aBIBEOD
Etiqueta de registo: 00599cam 2200205 450 001 549089 003 http://id.bnportugal.gov.pt/bib/catbnp/549089 100 ## $a19950719d1947 m y0pory01030103ba 101 1# $apor 102 ## $aPT 105 ## $aa z 000yy 106 ## $ar 200 1# $aRigoleto (Verdi) 205 ## $a2ª ed., totalmente refundida 210 #9 $aLisboa$cManuel B. Calarrão,$dimp. 1947 215 ## $a40 p.$cil.$d19 cm 225 2# $aÓpera$fdir. Mário de Sampayo Ribeiro$v1 606 ## $aÓperas$x[Argumentos]$2SIPOR$31273101 675 ## $a78.089.1$vBN$zpor$3506605 702 #1 $aVerdi,$bGiuseppe,$f1813-1901$4230$352891 702 #1 $aRibeiro,$bMário de Sampaio,$f1898-1966$4300$384758 702 #1 $aCalarrão,$bManuel B.,$ffl. 1940$4650$3132617 801 #0 $aPT$bBN$gRPC 966 ## $lBN$mFGMON$sB.A. 438//39 V. 966 ## $lBN$mFGMON$sL. 44090//1 P. 976 ## $d20260401$rjamaral 997 ## $aBIBEOD
Etiqueta de registo: 00561cam 2200193 450 001 268823 003 http://id.bnportugal.gov.pt/bib/catbnp/268823 100 ## $a19000001d1950 m y0pora01030103ba 101 1# $apor 102 ## $aPT 105 ## $aa z 000yy 106 ## $ar 200 1# $aPescadores de pérolas (Bizet) 210 #9 $aLisboa$cManuel B. Calarrão,$dimp. 1950 215 ## $a39, [1] p.$cil.$d19 cm 225 2# $aÓpera$fdir. Mário de Sampayo Ribeiro$v35 317 ## $aConservatório Nacional$5PTBN: C.N. 431 P. 606 ## $aÓperas$x[Argumentos]$2SIPOR$31273101 675 ## $a78.089.1$vBN$zpor$3506605 702 #1 $aBizet,$bGeorges,$cpseud.$4230$326479 702 #1 $aRibeiro,$bMário de Sampaio,$f1898-1966$4300$384758 702 #1 $aCalarrão,$bManuel B.,$ffl. 1940$4650$3132617 712 01 $aPortugal.$bConservatório Nacional.$bEscola de Música$4390$31172174 801 #0 $aPT$bBN$gRPC 966 ## $lBN$mFGMON$sB.R. 11576 966 ## $lBN$mFGMON$sL. 44085//3 P. 966 ## $lBN$mMUSICA$pConservatório Nacional$sC.N. 431 P. $x7 966 ## $lBN$mMUSICA$sM. 1991 P.$x2 976 ## $d20260407$rjamaral 997 ## $aBIBEOD
Etiqueta de registo: 00617cam 2200217 450 001 422123 003 http://id.bnportugal.gov.pt/bib/catbnp/422123 100 ## $a19910307d1948 m y0pory01030103ba 101 1# $apor 102 ## $aPT 105 ## $aa z 000yy 106 ## $ar 200 1# $a La traviata (Verdi) 210 #9 $aLisboa$cManuel B. Calarrão,$dimp. 1948 215 ## $a39, [1] p.$cil.$d19 cm 225 2# $aÓpera$fdir. Mário de Sampayo Ribeiro$v18 606 ## $aÓperas$x[Argumentos]$2SIPOR$31273101 675 ## $a78.089.1$vBN$zpor$3506605 702 #1 $aVerdi,$bGiuseppe,$f1813-1901$4230$352891 702 #1 $aRibeiro,$bMário de Sampaio,$f1898-1966$4300$384758 702 #1 $aCalarrão,$bManuel B.,$ffl. 1940$4650$3132617 801 #0 $aPT$bBN$gRPC 966 ## $lBN$mFGMON$sL. 44083//1 P. 966 ## $lBN$mMUSICA$sM. 1975 P.$x2 976 ## $d20260402$rjamaral 997 ## $aBIBEOD
Etiqueta de registo: 00584cam 2200205 450 001 422121 003 http://id.bnportugal.gov.pt/bib/catbnp/422121 100 ## $a19910307d1948 m y0pory01030103ba 101 1# $apor 102 ## $aPT 105 ## $aa z 000yy 106 ## $ar 200 1# $aMadama Butterfly (Puccini) 210 #9 $aLisboa$cManuel B. Calarrão,$dimp. 1948 215 ## $a46, [1] p.$cil.$d19 cm 225 2# $aÓpera$fdir. Mário de Sampayo Ribeiro$v19 606 ## $aÓperas$x[Argumentos]$2SIPOR$31273101 675 ## $a78.089.1$vBN$zpor$3506605 702 #1 $aPuccini,$bGiacomo,$f1858-1924$4230$387927 702 #1 $aRibeiro,$bMário de Sampaio,$f1898-1966$4300$384758 702 #1 $aCalarrão,$bManuel B.,$ffl. 1940$4650$3132617 801 #0 $aPT$bBN$gRPC 966 ## $lBN$mFGMON$sB.A. 2339//5 P. 966 ## $lBN$mFGMON$sL. 44083//2 P. 966 ## $lBN$mMUSICA$sM. 1976 P.$x2 976 ## $d20260402$rjamaral 997 ## $aBIBEOD
Etiqueta de registo: 00863cam 2200253 450 001 775591 003 http://id.bnportugal.gov.pt/bib/catbnp/775591 005 19990109000000.0 095 ## $aPTBN00563164 100 ## $a19990109d1951 m y0pory0103 ba 101 0# $apor 102 ## $aPT 105 ## $aa z 000yy 106 ## $ar 200 1# $aTorres Vedras$fed., dir. Manuel B. Calarrão$gapresent. Dr. Salinas Calado 210 #9 $aLisboa$cM. B. Calarrão,$d1951 215 ## $a31, [1] p., 1 mapa desdobr.$cil.$d19 cm 225 2# $aDivulgação histórica, artística e turística dos Concelhos do Império$v1 675 ## $a908(469.411)$vBN$zpor$3291414 702 #1 $aCalarrão,$bManuel B.,$ffl. 1940$4340$3132617 702 #1 $aCalado,$bRafael Salinas,$f1893-1962$4450$324368 801 #0 $aPT$bBN$gRPC 966 ## $lBN$mFGMON$sH.G. 28255//4 P. $x1 966 ## $lBN$mFGMON$sH.G. 37886 P.$x6 966 ## $lBN$mFGMON$nEnc. com outras obras$sH.G. 41407 V.$x2 966 ## $lBN$mFGMON$sH.G. 32779 P.$x2
Etiqueta de registo: 00467cam 2200169 450 001 310764 003 http://id.bnportugal.gov.pt/bib/catbnp/310764 100 ## $a19981228d1950 m y0pora01030103ba 101 1# $apor 102 ## $aPT 105 ## $aa z 000yy 106 ## $ar 200 1# $aAdriana Lecouvreur (Ciléa) 210 #9 $aLisboa$cManuel B. Calarrão,$dimp. 1950 215 ## $a59, [1] p.$cil.$d19 cm 225 2# $aÓpera$fdir. Mário de Sampayo Ribeiro$v39 317 ## $aConservatório Nacional$5PTBN: C.N. 434 P. 606 ## $aÓperas$x[Argumentos]$2SIPOR$31273101 675 ## $a78.089.1$vBN$zpor$3506605 702 #1 $aCilèa,$bFrancesco,$f1866-1950$4230$3720774 702 #1 $aRibeiro,$bMário de Sampaio,$f1898-1966$4300$384758 702 #1 $aCalarrão,$bManuel B.,$ffl. 1940$4650$3132617 712 01 $aPortugal.$bConservatório Nacional.$bEscola de Música$4390$31172174 801 #0 $aPT$bBN$gRPC 966 ## $lBN$mFGMON$pBiblioteca Popular$sL. 96008 P.$x6 966 ## $lBN$mFGMON$sL. 44085//7 P. 966 ## $lBN$mMUSICA$pConservatório Nacional$sC.N. 434 P. $x7 966 ## $lBN$mMUSICA$sM. 1995 P.$x2 976 ## $d20260407$rjamaral 997 ## $aBIBEOD
Etiqueta de registo: 00690cam 2200217 450 001 270347 003 http://id.bnportugal.gov.pt/bib/catbnp/270347 100 ## $a19981207d1954 m y0pora01030103ba 101 1# $apor 102 ## $aPT 105 ## $aa z 000yy 106 ## $ar 200 1# $a A medium (Menotti)$ecom desenvolvida notícia sôbre os Carmina Burana musicados por Orff 210 #9 $aLisboa$cManuel B. Calarrão,$dimp. 1954 215 ## $a51, [1] p.$cil.$d19 cm 225 2# $aÓpera$fdir. Mário de Sampayo Ribeiro$v68 317 ## $aBiblioteca Jorge de Sena$5PTBN: J.S. 10150 317 ## $aConservatório Nacional$5PTBN: C.N. 459 P. 606 ## $aÓperas$x[Argumentos]$2SIPOR$31273101 675 ## $a78.089.1$vBN$zpor$3506605 702 #1 $aOrff,$bCarl,$f1895-1982$4230$349621 702 #1 $aRibeiro,$bMário de Sampaio,$f1898-1966$4300$384758 702 #1 $aCalarrão,$bManuel B.,$ffl. 1940$4650$3132617 702 #1 $aMenotti,$bGian Carlo,$f1911-2007$4230$3265346 712 01 $aPortugal.$bConservatório Nacional.$bEscola de Música$4390$31172174 801 #0 $aPT$bBN$gRPC 966 ## $lBN$mFGMON$sB.R. 11566 966 ## $lBN$mFGMON$pBiblioteca Jorge de Sena$sJ.S. 10150$x3 966 ## $lBN$mFGMON$sL. 44089//5 P. 966 ## $lBN$mMUSICA$pConservatório Nacional$sC.N. 459 P. $x7 966 ## $lBN$mMUSICA$sM. 2023 P.$x2 976 ## $d20260409$rjamaral 997 ## $aBIBEOD
Etiqueta de registo: 00625cam 2200205 450 001 268870 003 http://id.bnportugal.gov.pt/bib/catbnp/268870 100 ## $a19981207d1953 m y0pora01030103ba 101 1# $apor 102 ## $aPT 105 ## $aa z 000yy 106 ## $ar 200 1# $a O anel do Nibelungo (tetralogia).$i A Valquiria (Wagner) 210 #9 $aLisboa$cManuel B. Calarrão,$dimp. 1953 215 ## $a59, [1] p.$cil.$d19 cm 225 2# $aÓpera$fdir. Mário de Sampayo Ribeiro$v64 317 ## $aConservatório Nacional$5PTBN: C.N. 456 P. 545 1# $a O anel do Nibelungo (Tetralogia) 606 ## $aÓperas$x[Argumentos]$2SIPOR$31273101 675 ## $a78.089.1$vBN$zpor$3506605 702 #1 $aWagner,$bRichard,$f1813-1883$4230$336996 702 #1 $aRibeiro,$bMário de Sampaio,$f1898-1966$4300$384758 702 #1 $aCalarrão,$bManuel B.,$ffl. 1940$4650$3132617 712 01 $aPortugal.$bConservatório Nacional.$bEscola de Música$4390$31172174 801 #0 $aPT$bBN$gRPC 966 ## $lBN$mFGMON$sB.R. 11634 966 ## $lBN$mFGMON$sL. 44089//2 P. 966 ## $lBN$mFGMON$pBiblioteca Popular$sL. 96142 P.$x6 966 ## $lBN$mMUSICA$pConservatório Nacional$sC.N. 456 P. $x7 966 ## $lBN$mMUSICA$sM. 2020 P.$x2 976 ## $d20260409$rjamaral 997 ## $aBIBEOD
Etiqueta de registo: 00598cam 2200205 450 001 268826 003 http://id.bnportugal.gov.pt/bib/catbnp/268826 100 ## $a19981207d1954 m y0pora01030103ba 101 1# $apor 102 ## $aPT 105 ## $aa z 000yy 106 ## $ar 200 1# $a O amigo Fritz (Mascagni) 210 #9 $aLisboa$cManuel B. Calarrão,$dimp. 1954 215 ## $a39, [1] p.$cil.$d19 cm 225 2# $aÓpera$fdir. Mário de Sampayo Ribeiro$v69 317 ## $aConservatório Nacional$5PTBN: C.N. 460 P. 606 ## $aÓperas$x[Argumentos]$2SIPOR$31273101 675 ## $a78.089.1$vBN$zpor$3506605 702 #1 $aMascagni,$bPietro,$f1863-1945$4230$3269135 702 #1 $aRibeiro,$bMário de Sampaio,$f1898-1966$4300$384758 702 #1 $aCalarrão,$bManuel B.,$ffl. 1940$4650$3132617 712 01 $aPortugal.$bConservatório Nacional.$bEscola de Música$4390$31172174 801 #0 $aPT$bBN$gRPC 966 ## $lBN$mFGMON$sB.R. 11582 966 ## $lBN$mFGMON$sL. 44089//6 P. 966 ## $lBN$mFGMON$sL. 100151 P.$x6 966 ## $lBN$mMUSICA$pConservatório Nacional$sC.N. 460 P. $x7 966 ## $lBN$mMUSICA$sM. 2024 P.$x2 976 ## $d20260409$rjamaral 997 ## $aBIBEOD
Etiqueta de registo: 00619cam 2200205 450 001 268821 003 http://id.bnportugal.gov.pt/bib/catbnp/268821 100 ## $a19540301d1954 m y0pory01030103ba 101 1# $apor 102 ## $aPT 105 ## $aa z 000yy 106 ## $ar 200 1# $a Os mestres cantores de Nuremberga (Wagner) 210 #9 $aLisboa$cManuel B. Calarrão,$dimp. 1954 215 ## $a71, [1] p.$cil.$d19 cm 225 2# $aÓpera$fdir. Mário de Sampayo Ribeiro$v66, 67 317 ## $aConservatório Nacional$5PTBN: C.N. 458 P. 606 ## $aÓperas$x[Argumentos]$2SIPOR$31273101 675 ## $a78.089.1$vBN$zpor$3506605 702 #1 $aWagner,$bRichard,$f1813-1883$4230$336996 702 #1 $aRibeiro,$bMário de Sampaio,$f1898-1966$4300$384758 702 #1 $aCalarrão,$bManuel B.,$ffl. 1940$4650$3132617 712 01 $aPortugal.$bConservatório Nacional.$bEscola de Música$4390$31172174 801 #0 $aPT$bBN$gRPC 966 ## $lBN$mFGMON$sB.R. 11574 966 ## $lBN$mFGMON$sL. 44089//4 P. 966 ## $lBN$mMUSICA$pConservatório Nacional$sC.N. 458 P. $x7 966 ## $lBN$mMUSICA$sM. 352 P.$x2 966 ## $lBN$mMUSICA$sM. 1676 P.$x6 966 ## $lBN$mMUSICA$sM. 2022 P.$x2 976 ## $d20260409$rjamaral 997 ## $aBIBEOD
Etiqueta de registo: 00600cam 2200205 450 001 549103 003 http://id.bnportugal.gov.pt/bib/catbnp/549103 100 ## $a19950719d1947 m y0pory01030103ba 101 1# $apor 102 ## $aPT 105 ## $aa z 000yy 106 ## $ar 200 1# $aTosca (Puccini) 205 ## $a2ª ed., rev. e actualizada 210 #9 $aLisboa$cManuel B. Calarrão,$dimp. 1947 215 ## $a48 p.$cil.$d19 cm 225 2# $aÓpera$fdir. Mário de Sampayo Ribeiro$v8 606 ## $aÓperas$x[Argumentos]$2SIPOR$31273101 675 ## $a78.089.1$vBN$zpor$3506605 702 #1 $aCalarrão,$bManuel B.,$ffl. 1940$4650$3132617 702 #1 $aPuccini,$bGiacomo,$f1858-1924$4230$387927 702 #1 $aRibeiro,$bMário de Sampaio,$f1898-1966$4300$384758 801 #0 $aPT$bBN$gRPC 966 ## $lBN$mFGMON$sL. 44090//8 P. 976 ## $d20260401$rjamaral 997 ## $aBIBEOD
Etiqueta de registo: 00594cam 02200205 04500 001 199489 003 http://id.bnportugal.gov.pt/bib/catbnp/199489 100 ## $a19981130d1951 m y0pora01030103ba 101 1# $apor 102 ## $aPT 105 ## $aa z 000yy 106 ## $ar 200 1# $aFidélio (Beethoven) 210 #9 $aLisboa$cManuel B. Calarrão,$dimp. 1951 215 ## $a47, [1] p.$cil.$d19 cm$eerratum (1 f.) 225 2# $aÓpera$fdir. Mário de Sampayo Ribeiro$v50 317 ## $aBiblioteca Jorge de Sena$5PTBN: J.S. 2200 606 ## $aÓperas$x[Argumentos]$2SIPOR$31273101 675 ## $a78.089.1$vBN$zpor$3506605 702 #1 $aBeethoven,$bLudwig van,$f1770-1827$4230$314224 702 #1 $aRibeiro,$bMário de Sampaio,$f1898-1966$4300$384758 702 #1 $aCalarrão,$bManuel B.,$ffl. 1940$4650$3132617 801 #0 $aPT$bBN$gRPC 966 ## $lBN$mFGMON$sB.R. 13163$x3 966 ## $lBN$mFGMON$pBiblioteca Jorge de Sena$sJ.S. 2200$x3 966 ## $lBN$mFGMON$sL. 44087//2 P. 966 ## $lBN$mMUSICA$sM. 2006 P. 976 ## $d20260408$rjamaral 997 ## $aBIBEOD
Etiqueta de registo: 00498cam 2200193 450 001 751636 003 http://id.bnportugal.gov.pt/bib/catbnp/751636 100 ## $a19940113d1949 m y0pory01030103ba 101 1# $apor 102 ## $aPT 105 ## $aa z 000yy 106 ## $ar 200 1# $a La Gioconda (Ponchielli) 210 #9 $aLisboa$cManuel B. Calarrão,$dimp. 1949 215 ## $a51, III, [2] p.$cil.$d19 cm 225 2# $aÓpera$fdir. Mário de Sampayo Ribeiro$v30 317 ## $aConservatório Nacional$5PTBN: C.N. 426 P. 606 ## $aÓperas$x[Argumentos]$2SIPOR$31273101 675 ## $a78.089.1$vBN$zpor$3506605 702 #1 $aRibeiro,$bMário de Sampaio,$f1898-1966$4300$384758 702 #1 $aCalarrão,$bManuel B.,$ffl. 1940$4650$3132617 702 #1 $aPonchielli,$bAmilcare,$f1834-1886$4230$3186280 712 01 $aPortugal.$bConservatório Nacional.$bEscola de Música$4390$31172174 801 #0 $aPT$bBN$gRPC 966 ## $lBN$mFGMON$sL. 44084//6 P. 966 ## $lBN$mMUSICA$pConservatório Nacional$sC.N. 426 P. $x7 966 ## $lBN$mMUSICA$sM. 1986 P.$x2 976 ## $d20260407$rjamaral 997 ## $aBIBEOD
Etiqueta de registo: 00573cam 02200205 04500 001 198852 003 http://id.bnportugal.gov.pt/bib/catbnp/198852 100 ## $a19941210d1949 m y0pory01030103ba 101 1# $apor 102 ## $aPT 105 ## $aa z 000yy 106 ## $ar 200 1# $aTurandot (Puccini) 210 #9 $aLisboa$cManuel B. Calarrão,$dimp. 1949 215 ## $a47, [1] p.$cil.$d19 cm 225 2# $aÓpera$fdir. Mário de Sampayo Ribeiro$v27 317 ## $aConservatório Nacional$5PTBN: C.N. 423 P. 606 ## $aÓperas$x[Argumentos]$2SIPOR$31273101 675 ## $a78.089.1$vBN$zpor$3506605 702 #1 $aPuccini,$bGiacomo,$f1858-1924$4230$387927 702 #1 $aRibeiro,$bMário de Sampaio,$f1898-1966$4300$384758 702 #1 $aCalarrão,$bManuel B.,$ffl. 1940$4650$3132617 712 01 $aPortugal.$bConservatório Nacional.$bEscola de Música$4390$31172174 801 #0 $aPT$bBN$gRPC 966 ## $lBN$mFGMON$sB.R. 12543 966 ## $lBN$mMUSICA$pConservatório Nacional$sC.N. 423 P. $x7 966 ## $lBN$mMUSICA$sM. 1983 P.$x2 976 ## $d20260407$rjamaral 997 ## $aBIBEOD
Etiqueta de registo: 00631cam 02200217 04500 001 198743 003 http://id.bnportugal.gov.pt/bib/catbnp/198743 100 ## $a19981130d1952 m y0pora01030103ba 101 1# $apor 102 ## $aPT 105 ## $aa z 000yy 106 ## $ar 200 1# $a A noiva vendida (Smétana) 210 #9 $aLisboa$cManuel B. Calarrão,$dimp. 1952 215 ## $a47, [1] p.$cil.$d19 cm 225 2# $aÓpera$fdir. Mário de Sampayo Ribeiro$v52 606 ## $aÓperas$x[Argumentos]$2SIPOR$31273101 675 ## $a78.089.1$vBN$zpor$3506605 702 #1 $aSmetana,$bBedÏrich,$f1824-1884$4230$3104982 702 #1 $aRibeiro,$bMário de Sampaio,$f1898-1966$4300$384758 702 #1 $aCalarrão,$bManuel B.,$ffl. 1940$4650$3132617 801 #0 $aPT$bBN$gRPC 966 ## $lBN$mFGMON$sB.R. 12536 966 ## $lBN$mFGMON$sL. 44087//3 P. 966 ## $lBN$mMUSICA$sM. 2008 P.$x2 976 ## $d20260408$rjamaral 997 ## $aBIBEOD
Etiqueta de registo: 00595cam 02200205 04500 001 198745 003 http://id.bnportugal.gov.pt/bib/catbnp/198745 100 ## $a19981130d1947 m y0pora01030103ba 101 1# $apor 102 ## $aPT 105 ## $aa z 000yy 106 ## $ar 200 1# $a Um baile de máscaras (Verdi) 210 #9 $aLisboa$cManuel B. Calarrão,$dimp. 1947 215 ## $a40 p.$cil.$d19 cm 225 2# $aÓpera$fdir. Mário de Sampayo Ribeiro$v12 606 ## $aÓperas$x[Argumentos]$2SIPOR$31273101 675 ## $a78.089.1$vBN$zpor$3506605 702 #1 $aVerdi,$bGiuseppe,$f1813-1901$4230$352891 702 #1 $aRibeiro,$bMário de Sampaio,$f1898-1966$4300$384758 702 #1 $aCalarrão,$bManuel B.,$ffl. 1940$4650$3132617 801 #0 $aPT$bBN$gRPC 966 ## $lBN$mFGMON$sB.R. 12540 966 ## $lBN$mFGMON$sL. 44082//4 P. 966 ## $lBN$mMUSICA$sM. 1970 P.$x2 976 ## $d20260401$rjamaral 997 ## $aBIBEOD
Etiqueta de registo: 00629cam 2200205 450 001 198741 003 http://id.bnportugal.gov.pt/bib/catbnp/198741 100 ## $a19981130d1946 m y0pora01030103ba 101 1# $apor 102 ## $aPT 105 ## $aa z 000yy 106 ## $ar 200 1# $aNorma (Bellini) 210 #9 $aLisboa$cManuel B. Calarrão,$dimp. 1946 215 ## $a40 p.$cil.$d19 cm 225 2# $aÓpera$fdir. Mário de Sampayo Ribeiro$v3 317 ## $aDoação Madalena Furtado$5PTBN: M. 2569 P. 317 ## $aConservatório Nacional$5PTBN: C.N. 406 P. 606 ## $aÓperas$x[Argumentos]$2SIPOR$31273101 675 ## $a78.089.1$vBN$zpor$3506605 702 #1 $aBellini,$bVincenzo,$f1801-1835$4230$342355 702 #1 $aRibeiro,$bMário de Sampaio,$f1898-1966$4300$384758 702 #1 $aCalarrão,$bManuel B.,$ffl. 1940$4650$3132617 712 01 $aPortugal.$bConservatório Nacional.$bEscola de Música$4390$31172174 801 #0 $aPT$bBN$gRPC 966 ## $lBN$mFGMON$p(Doaðc─ao Brito Rato)$sB.R. 12538$x3 966 ## $lBN$mFGMON$p(Doaðc─ao Brito Rato)$sB.R. 16257$x3 966 ## $lBN$mFGMON$sL. 44081//3 P. 966 ## $lBN$mMUSICA$pConservatório Nacional$sC.N. 406 P. $x7 966 ## $lBN$mMUSICA$sM. 1962 P.$x2 966 ## $lBN$mMUSICA$sM. 2569 P.$x3 976 ## $d20260331$rjamaral 997 ## $aBIBEOD
Etiqueta de registo: 00836cam 2200241 450 001 132717 003 http://id.bnportugal.gov.pt/bib/catbnp/132717 100 ## $a19880601d1958 m y0pory01030103ba 101 1# $apor 102 ## $aPT 105 ## $aa z 000yy 106 ## $ar 200 1# $a O anel do Nibelungo (tetralogia).$iCrepúsculo dos deuses (Wagner) 210 #9 $aLisboa$cManuel B. Calarrão,$dimp. 1958 215 ## $a66, [2] p.$cil.$d19 cm 225 2# $aÓpera$fdir. Mário de Sampayo Ribeiro$v79, 80 545 1# $a O anel do Nibelungo (Tetralogia) 606 ## $aÓperas$x[Argumentos]$2SIPOR$31273101 675 ## $a78.089.1$vBN$zpor$3506605 702 #1 $aWagner,$bRichard,$f1813-1883$4230$336996 702 #1 $aRibeiro,$bMário de Sampaio,$f1898-1966$4300$384758 702 #1 $aCalarrão,$bManuel B.,$ffl. 1940$4650$3132617 801 #0 $aPT$bBN$gRPC 966 ## $lBN$mFGMON$sB.R. 13169$x3 966 ## $lBN$mMUSICA$sM. 2033 P.$x2 966 ## $lBN$mMUSICA$sM. 2896 P.$x1 976 ## $d20260410$rjamaral 997 ## $aBIBEOD
Etiqueta de registo: 00621cam 02200205 04500 001 199516 003 http://id.bnportugal.gov.pt/bib/catbnp/199516 100 ## $a19981130d1957 m y0pora01030103ba 101 1# $apor 102 ## $aPT 105 ## $aa z 000yy 106 ## $ar 200 1# $a O anel do Nibelungo (tetralogia).$iSiegfried (Wagner) 210 #9 $aLisboa$cManuel B. Calarrão,$dimp. 1957 215 ## $a79, [1] p.$cil.$d19 cm 225 2# $aÓpera$fdir. Mário de Sampayo Ribeiro$v77, 78 545 1# $a O anel do Nibelungo (Tetralogia) 606 ## $aÓperas$x[Argumentos]$2SIPOR$31273101 675 ## $a78.089.1$vBN$zpor$3506605 702 #1 $aWagner,$bRichard,$f1813-1883$4230$336996 702 #1 $aRibeiro,$bMário de Sampaio,$f1898-1966$4300$384758 702 #1 $aCalarrão,$bManuel B.,$ffl. 1940$4650$3132617 801 #0 $aPT$bBN$gRPC 966 ## $lBN$mFGMON$sB.R. 13170$x3 966 ## $lBN$mMUSICA$sM. 2032 P.$x2 966 ## $lBN$mMUSICA$sM. 2883 P.$x1 976 ## $d20260410$rjamaral 997 ## $aBIBEOD
Etiqueta de registo: 00629cam 02200217 04500 001 59981 003 http://id.bnportugal.gov.pt/bib/catbnp/59981 100 ## $a19550301d1955 m y0pory01030103ba 101 1# $apor 102 ## $aPT 105 ## $aa z 000yy 106 ## $ar 200 1# $a La fanciulla del West (Puccini) 210 #9 $aLisboa$cManuel B. Calarrão,$dimp. 1955 215 ## $a63 p.$cil.$d19 cm 225 2# $aÓpera$fdir. Mário Sampayo Ribeiro$v74 317 ## $aConservatório Nacional$5PTBN: C.N. 465 P. 606 ## $aÓperas$x[Argumentos]$2SIPOR$31273101 675 ## $a78.089.1$vBN$zpor$3506605 702 #1 $aPuccini,$bGiacomo,$f1858-1924$4230$387927 702 #1 $aRibeiro,$bMário de Sampaio,$f1898-1966$4300$384758 702 #1 $aCalarrão,$bManuel B.,$ffl. 1940$4650$3132617 712 01 $aPortugal.$bConservatório Nacional.$bEscola de Música$4390$31172174 801 #0 $aPT$bBN$gRPC 966 ## $lBN$mFGMON$sB.R. 11578 966 ## $lBN$mFGMON$sL. 43202//4 P. 966 ## $lBN$mMUSICA$pConservatório Nacional$sC.N. 465 P. $x7 966 ## $lBN$mMUSICA$sM. 2029 P.$x2 976 ## $d20260410$rjamaral 997 ## $aBIBEOD
Etiqueta de registo: 00658cam 02200229 04500 001 44386 003 http://id.bnportugal.gov.pt/bib/catbnp/44386 100 ## $a19960117d1955 m y0pora01030103ba 101 1# $apor 102 ## $aPT 105 ## $aa z 000yy 106 ## $ar 200 1# $a Il Tabarro ;$aSuor Angélica (Puccini) 210 #9 $aLisboa$cManuel B. Calarrão,$dimp. 1955 215 ## $a47, [1] p.$cil.$d19 cm 225 2# $aÓpera$fdir. Mário de Sampayo Ribeiro$v76 517 1# $aSuor Angélica 606 ## $aÓperas$x[Argumentos]$2SIPOR$31273101 675 ## $a78.089.1$vBN$zpor$3506605 702 #1 $aPuccini,$bGiacomo,$f1858-1924$4230$387927 702 #1 $aRibeiro,$bMário de Sampaio,$f1898-1966$4300$384758 702 #1 $aCalarrão,$bManuel B.,$ffl. 1940$4650$3132617 801 #0 $aPT$bBN$gRPC 966 ## $lBN$mFGMON$sL. 43202//6 P. 966 ## $lBN$mMUSICA$sM. 2031 P.$x2 976 ## $d20260410$rjamaral 997 ## $aBIBEOD
Etiqueta de registo: 00611cam 02200217 04500 001 44385 003 http://id.bnportugal.gov.pt/bib/catbnp/44385 100 ## $a19960117d1955 m y0pora01030103ba 101 1# $apor 102 ## $aPT 105 ## $aa z 000yy 106 ## $ar 200 1# $a La Cenerêntola (Rossini) 210 #9 $aLisboa$cManuel B. Calarrão,$dimp. 1955 215 ## $a55, [1] p.$cil.$d19 cm 225 2# $aÓpera$fdir. Mário de Sampayo Ribeiro$v75 317 ## $aConservatório Nacional$5PTBN: C.N. 466 P. 606 ## $aÓperas$x[Argumentos]$2SIPOR$31273101 675 ## $a78.089.1$vBN$zpor$3506605 702 #1 $aRossini,$bGioachino,$f1792-1868$4230$393958 702 #1 $aRibeiro,$bMário de Sampaio,$f1898-1966$4300$384758 702 #1 $aCalarrão,$bManuel B.,$ffl. 1940$4650$3132617 712 01 $aPortugal.$bConservatório Nacional.$bEscola de Música$4390$31172174 801 #0 $aPT$bBN$gRPC 966 ## $lBN$mFGMON$sB.R. 12539 966 ## $lBN$mFGMON$sL. 43202//5 P. 966 ## $lBN$mMUSICA$pConservatório Nacional$sC.N. 466 P. $x7 966 ## $lBN$mMUSICA$sM. 2030 P.$x2 976 ## $d20260410$rjamaral 997 ## $aBIBEOD
Etiqueta de registo: 00663cam 02200229 04500 001 44889 003 http://id.bnportugal.gov.pt/bib/catbnp/44889 100 ## $a19960203d1955 m y0pora01030103ba 101 1# $apor 102 ## $aPT 105 ## $aa z 000yy 106 ## $ar 200 1# $aGianni Schicchi (Puccini) 210 #9 $aLisboa$cManuel B. Calarrão,$dimp. 1955 215 ## $a47, [1] p.$cil.$d19 cm 225 2# $aÓpera$fdir. Mário de Sampayo Ribeiro$v71 317 ## $aConservatório Nacional$5PTBN: C.N. 462 P. 606 ## $aÓperas$x[Argumentos]$2SIPOR$31273101 675 ## $a78.089.1$vBN$zpor$3506605 702 #1 $aPuccini,$bGiacomo,$f1858-1924$4230$387927 702 #1 $aRibeiro,$bMário de Sampaio,$f1898-1966$4300$384758 702 #1 $aCalarrão,$bManuel B.,$ffl. 1940$4650$3132617 712 01 $aPortugal.$bConservatório Nacional.$bEscola de Música$4390$31172174 801 #0 $aPT$bBN$gRPC 966 ## $lBN$mFGMON$sB.R. 11579 966 ## $lBN$mFGMON$sL. 43202//1 P. 966 ## $lBN$mMUSICA$pConservatório Nacional$sC.N. 462 P. $x7 966 ## $lBN$mMUSICA$sM. 2026 P.$x2 976 ## $d20260410$rjamaral 997 ## $aBIBEOD
Etiqueta de registo: 00670cam 02200229 04500 001 44880 003 http://id.bnportugal.gov.pt/bib/catbnp/44880 100 ## $a19960202d1955 m y0pora01030103ba 101 1# $apor 102 ## $aPT 105 ## $aa z 000yy 106 ## $ar 200 1# $aHänsel e Gretel (Humperdinck) 210 #9 $aLisboa$cManuel B. Calarrão,$dimp. 1955 215 ## $a39, [1] p.$cil.$d19 cm 225 2# $aÓpera$fdir. Mário de Sampayo Ribeiro$v72 317 ## $aConservatório Nacional$5PTBN: C.N. 463 P. 606 ## $aÓperas$x[Argumentos]$2SIPOR$31273101 675 ## $a78.089.1$vBN$zpor$3506605 702 #1 $aHumperdinck,$bEngelbert,$f1854-1921$4230$3203867 702 #1 $aRibeiro,$bMário de Sampaio,$f1898-1966$4300$384758 702 #1 $aCalarrão,$bManuel B.,$ffl. 1940$4650$3132617 712 01 $aPortugal.$bConservatório Nacional.$bEscola de Música$4390$31172174 801 #0 $aPT$bBN$gRPC 966 ## $lBN$mFGMON$sB.R. 11580 966 ## $lBN$mFGMON$sL. 43202//2 P. 966 ## $lBN$mMUSICA$pConservatório Nacional$sC.N. 463 P. $x7 966 ## $lBN$mMUSICA$sM. 2027 P.$x2 976 ## $d20260410$rjamaral 997 ## $aBIBEOD
Etiqueta de registo: 00587cam 2200205 450 001 270351 003 http://id.bnportugal.gov.pt/bib/catbnp/270351 100 ## $a19981207d1952 m y0pora01030103ba 101 1# $apor 102 ## $aPT 105 ## $aa z 000yy 106 ## $ar 200 1# $aNabucodonosor (Verdi) 210 #9 $aLisboa$cManuel B. Calarrão,$dimp. 1952 215 ## $a47, [1] p.$cil.$d19 cm 225 2# $aÓpera$fdir. Mário de Sampayo Ribeiro$v59 317 ## $aConservatório Nacional$5PTBN: C.N. 451 P. 606 ## $aÓperas$x[Argumentos]$2SIPOR$31273101 675 ## $a78.089.1$vBN$zpor$3506605 702 #1 $aVerdi,$bGiuseppe,$f1813-1901$4230$352891 702 #1 $aRibeiro,$bMário de Sampaio,$f1898-1966$4300$384758 702 #1 $aCalarrão,$bManuel B.,$ffl. 1940$4650$3132617 712 01 $aPortugal.$bConservatório Nacional.$bEscola de Música$4390$31172174 801 #0 $aPT$bBN$gRPC 966 ## $lBN$mFGMON$sB.R. 11569 966 ## $lBN$mFGMON$sL. 44088//3 P. 966 ## $lBN$mMUSICA$pConservatório Nacional$sC.N. 451 P. $x7 966 ## $lBN$mMUSICA$sM. 2015 P.$x2 976 ## $d20260408$rjamaral 997 ## $aBIBEOD
Etiqueta de registo: 00558cam 2200193 450 001 549085 003 http://id.bnportugal.gov.pt/bib/catbnp/549085 100 ## $a19950719d1954 m y0pory01030103ba 101 1# $apor 102 ## $aPT 105 ## $aa z 000yy 106 ## $ar 200 1# $a O cavaleiro da rosa (Strauss) 210 #9 $aLisboa$cManuel B. Calarrão,$dimp. 1954 215 ## $a59, [1] p.$cil.$d19 cm 225 2# $aÓpera$fdir. Mário de Sampayo Carvalho$v70 317 ## $aConservatório Nacional$5PTBN: C.N. 461 P. 606 ## $aÓperas$x[Argumentos]$2SIPOR$31273101 675 ## $a78.089.1$vBN$zpor$3506605 702 #1 $aStrauss,$bRichard,$f1864-1949$4230$3142662 702 #1 $aRibeiro,$bMário de Sampaio,$f1898-1966$4300$384758 702 #1 $aCalarrão,$bManuel B.,$ffl. 1940$4650$3132617 712 01 $aPortugal.$bConservatório Nacional.$bEscola de Música$4390$31172174 801 #0 $aPT$bBN$gRPC 966 ## $lBN$mFGMON$sL. 44089//7 P. 966 ## $lBN$mMUSICA$pConservatório Nacional$sC.N. 461 P. $x7 966 ## $lBN$mMUSICA$sM. 2025 P.$x2 976 ## $d20260409$rjamaral 997 ## $aBIBEOD
Etiqueta de registo: 00610cam 02200205 04500 001 548662 003 http://id.bnportugal.gov.pt/bib/catbnp/548662 100 ## $a19950718f19401949m y0pory01030103ba 101 1# $apor 102 ## $aPT 105 ## $aa z 000yy 106 ## $ar 200 1# $aLucia de Lammermoor (Donizetti) 210 #9 $aLisboa$cManuel B. Calarrão,$d[194-] 215 ## $a32 p.$cil.$d19 cm 225 2# $aÓpera$fdir. Mário de Sampaio Ribeiro$v2 606 ## $aÓperas$x[Argumentos]$2SIPOR$31273101 675 ## $a78.089.1$vBN$zpor$3506605 702 #1 $aDonizetti,$bGaetano,$f1797-1848$4230$334941 702 #1 $aRibeiro,$bMário de Sampaio,$f1898-1966$4300$384758 702 #1 $aCalarrão,$bManuel B.,$ffl. 1940$4650$3132617 801 #0 $aPT$bBN$gRPC 966 ## $lBN$mFGMON$sL. 44081//2 P. 966 ## $lBN$mFGMON$sL. 44090//2 P. 966 ## $lBN$mMUSICA$sM. 1961 P.$x2 976 ## $d20260331$rjamaral 997 ## $aBIBEOD
Etiqueta de registo: 00503cam 2200193 450 001 755131 003 http://id.bnportugal.gov.pt/bib/catbnp/755131 100 ## $a19940118d1949 m y0pory01030103ba 101 1# $apor 102 ## $aPT 105 ## $aa z 000yy 106 ## $ar 200 1# $aHernani (Verdi) 210 #9 $aLisboa$cManuel B. Calarrão,$dimp. 1949 215 ## $a55, [1] p.$cil.$d19 cm 225 2# $aÓpera$fdir. Mário de Sampayo Ribeiro$v32 317 ## $aConservatório Nacional$5PTBN: C.N. 428 P. 606 ## $aÓperas$x[Argumentos]$2SIPOR$31273101 675 ## $a78.089.1$vBN$zpor$3506605 702 #1 $aVerdi,$bGiuseppe,$f1813-1901$4230$352891 702 #1 $aRibeiro,$bMário de Sampaio,$f1898-1966$4300$384758 702 #1 $aCalarrão,$bManuel B.,$ffl. 1940$4650$3132617 712 01 $aPortugal.$bConservatório Nacional.$bEscola de Música$4390$31172174 801 #0 $aPT$bBN$gRPC 966 ## $lBN$mFGMON$sL. 44084//8 P. 966 ## $lBN$mMUSICA$pConservatório Nacional$sC.N. 428 P. $x7 966 ## $lBN$mMUSICA$sM. 1988 P.$x2 976 ## $d20260407$rjamaral 997 ## $aBIBEOD
Etiqueta de registo: 00561cam 2200193 450 001 548936 003 http://id.bnportugal.gov.pt/bib/catbnp/548936 100 ## $a19950719d1948 m y0pory01030103ba 101 1# $apor 102 ## $aPT 105 ## $aa z 000yy 106 ## $ar 200 1# $a O trovador (Verdi) 210 #9 $aLisboa$cManuel B. Calarrão,$dimp. 1948 215 ## $a46, [1] p.$cil.$d19 cm 225 2# $aÓpera$fdir. Mário de Sampayo Ribeiro$v25 317 ## $aConservatório Nacional$5PTBN: C.N. 421 P. 606 ## $aÓperas$x[Argumentos]$2SIPOR$31273101 675 ## $a78.089.1$vBN$zpor$3506605 702 #1 $aVerdi,$bGiuseppe,$f1813-1901$4230$352891 702 #1 $aRibeiro,$bMário de Sampaio,$f1898-1966$4300$384758 702 #1 $aCalarrão,$bManuel B.,$ffl. 1940$4650$3132617 712 01 $aPortugal.$bConservatório Nacional.$bEscola de Música$4390$31172174 801 #0 $aPT$bBN$gRPC 966 ## $lBN$mFGMON$sL. 44084//1 P. 966 ## $lBN$mMUSICA$pConservatório Nacional$sC.N. 421 P. $x7 966 ## $lBN$mMUSICA$sM. 1981 P.$x2 976 ## $d20260406$rjamaral 997 ## $aBIBEOD
Etiqueta de registo: 00551cam 2200193 450 001 548916 003 http://id.bnportugal.gov.pt/bib/catbnp/548916 100 ## $a19950719d1948 m y0pory01030103ba 101 1# $apor 102 ## $aPT 105 ## $aa z 000yy 106 ## $ar 200 1# $aCecília (Licínio Refice) 210 #9 $aLisboa$cManuel B. Calarrão,$dimp. 1948 215 ## $a39, [1] p.$cil.$d19 cm 225 2# $aÓpera$fdir. Mário de Sampayo Ribeiro$v24 317 ## $aConservatório Nacional$5PTBN: C.N. 420 P. 606 ## $aÓperas$x[Argumentos]$2SIPOR$31273101 675 ## $a78.089.1$vBN$zpor$3506605 702 #1 $aRefice,$bLicínio,$f1883-1954$4230$3185084 702 #1 $aRibeiro,$bMário de Sampaio,$f1898-1966$4300$384758 702 #1 $aCalarrão,$bManuel B.,$ffl. 1940$4650$3132617 712 01 $aPortugal.$bConservatório Nacional.$bEscola de Música$4390$31172174 801 #0 $aPT$bBN$gRPC 966 ## $lBN$mFGMON$sL. 44083//6 P. 966 ## $lBN$mMUSICA$pConservatório Nacional$sC.N. 420 P. $x7 966 ## $lBN$mMUSICA$sM. 1980 P.$x2 976 ## $d20260406$rjamaral 997 ## $aBIBEOD
Etiqueta de registo: 00572cam 2200193 450 001 548879 003 http://id.bnportugal.gov.pt/bib/catbnp/548879 100 ## $a19950719d1948 m y0pory01030103ba 101 1# $apor 102 ## $aPT 105 ## $aa z 000yy 106 ## $ar 200 1# $aSansão e Dalila (Saint-Saëns) 210 #9 $aLisboa$cManuel B. Calarrão,$dimp. 1948 215 ## $a46, [1] p.$cil.$d19 cm 225 2# $aÓpera$fdir. Mário de Sampayo Ribeiro$v21 317 ## $aConservatório Nacional$5PTBN: C.N. 418 P. 606 ## $aÓperas$x[Argumentos]$2SIPOR$31273101 675 ## $a78.089.1$vBN$zpor$3506605 702 #1 $aSaint-Saëns,$bCamille,$f1835-1921$4230$387977 702 #1 $aRibeiro,$bMário de Sampaio,$f1898-1966$4300$384758 702 #1 $aCalarrão,$bManuel B.,$ffl. 1940$4650$3132617 712 01 $aPortugal.$bConservatório Nacional.$bEscola de Música$4390$31172174 801 #0 $aPT$bBN$gRPC 966 ## $lBN$mFGMON$sL. 44083//4 P. 966 ## $lBN$mMUSICA$pConservatório Nacional$sC.N. 418 P. $x7 966 ## $lBN$mMUSICA$sM. 1978 P.$x2 976 ## $d20260406$rjamaral 997 ## $aBIBEOD
Etiqueta de registo: 00543cam 2200193 450 001 548666 003 http://id.bnportugal.gov.pt/bib/catbnp/548666 100 ## $a19950718d1946 m y0pory01030103ba 101 1# $apor 102 ## $aPT 105 ## $aa z 000yy 106 ## $ar 200 1# $aManon (Massenet) 210 #9 $aLisboa$cManuel B. Calarrão,$dimp. 1946 215 ## $a40 p.$cil.$d19 cm 225 2# $aÓpera$fdir. Mário de Sampayo Ribeiro$v6 606 ## $aÓperas$x[Argumentos]$2SIPOR$31273101 675 ## $a78.089.1$vBN$zpor$3506605 702 #1 $aMassenet,$bJules,$f1842-1912$4230$3164380 702 #1 $aRibeiro,$bMário de Sampaio,$f1898-1966$4300$384758 702 #1 $aCalarrão,$bManuel B.,$ffl. 1940$4650$3132617 801 #0 $aPT$bBN$gRPC 966 ## $lBN$mFGMON$sL. 44081//6 P. 966 ## $lBN$mMUSICA$sM. 1965 P.$x2 976 ## $d20260401$rjamaral 997 ## $aBIBEOD
Etiqueta de registo: 00628cam 2200205 450 001 268820 003 http://id.bnportugal.gov.pt/bib/catbnp/268820 100 ## $a19961115d1948 m y0pory01030103ba 101 1# $apor 102 ## $aPT 105 ## $aa z 000yy 106 ## $ar 200 1# $aTristão e Iseu (Ricardo Wagner) 210 #9 $aLisboa$cManuel B. Calarrão,$dimp. 1948 215 ## $a94 p., [1] f. desdob.$cil.$d19 cm 225 2# $aÓpera$fdir. Mário de Sampayo Ribeiro$v22-23 317 ## $aConservatório Nacional$5PTBN: C.N. 419 P. 606 ## $aÓperas$x[Argumentos]$2SIPOR$31273101 675 ## $a78.089.1$vBN$zpor$3506605 702 #1 $aWagner,$bRichard,$f1813-1883$4230$336996 702 #1 $aRibeiro,$bMário de Sampaio,$f1898-1966$4300$384758 702 #1 $aCalarrão,$bManuel B.,$ffl. 1940$4650$3132617 712 01 $aPortugal.$bConservatório Nacional.$bEscola de Música$4390$31172174 801 #0 $aPT$bBN$gRPC 966 ## $lBN$mFGMON$sB.A. 2328 P. 966 ## $lBN$mFGMON$sB.R. 11573 966 ## $lBN$mFGMON$sL. 44083//5 P. 966 ## $lBN$mMUSICA$pConservatório Nacional$sC.N. 419 P. $x7 966 ## $lBN$mMUSICA$sM. 1979 P.$x2 976 ## $d20260406$rjamaral 997 ## $aBIBEOD
Etiqueta de registo: 00536cam 2200205 450 001 422122 003 http://id.bnportugal.gov.pt/bib/catbnp/422122 100 ## $a19910307d1948 m y0pory01030103ba 101 1# $apor 102 ## $aPT 105 ## $aa z 000yy 106 ## $ar 200 1# $a O elixir de amor (Donizetti) 210 #9 $aLisboa$cManuel B. Calarrão,$dimp. 1948 215 ## $a39, [1] p.$cil.$d19 cm 225 2# $aÓpera$fdir. Mário de Sampayo Ribeiro$v20 317 ## $aConservatório Nacional$5PTBN: C.N. 417 P. 317 ## $aDoação Madalena Furtado$5PTBN: M. 2567 P. 606 ## $aÓperas$x[Argumentos]$2SIPOR$31273101 675 ## $a78.089.1$vBN$zpor$3506605 702 #1 $aDonizetti,$bGaetano,$f1797-1848$4230$334941 702 #1 $aRibeiro,$bMário de Sampaio,$f1898-1966$4300$384758 702 #1 $aCalarrão,$bManuel B.,$ffl. 1940$4650$3132617 712 01 $aPortugal.$bConservatório Nacional.$bEscola de Música$4390$31172174 801 #0 $aPT$bBN$gRPC 966 ## $lBN$mFGMON$sB.A. 2339//6 P. 966 ## $lBN$mFGMON$sL. 44083//3 P. 966 ## $lBN$mMUSICA$pConservatório Nacional$sC.N. 417 P. $x7 966 ## $lBN$mMUSICA$sM. 1977 P.$x2 966 ## $lBN$mMUSICA$sM. 2567 P.$x3 976 ## $d20260402$rjamaral 997 ## $aBIBEOD
Etiqueta de registo: 00542cam 2200205 450 001 422120 003 http://id.bnportugal.gov.pt/bib/catbnp/422120 100 ## $a19910307d1947 m y0pory01030103ba 101 1# $apor 102 ## $aPT 105 ## $aa z 000yy 106 ## $ar 200 1# $a O barbeiro de Sevilha (Rossini) 210 #9 $aLisboa$cManuel B. Calarrão,$dimp. 1947 215 ## $a47, [1] p.$cil.$d19 cm 225 2# $aÓpera$fdir. Mário de Sampayo Ribeiro$v17 317 ## $aConservatório Nacional$5PTBN: C.N. 416 P. 606 ## $aÓperas$x[Argumentos]$2SIPOR$31273101 675 ## $a78.089.1$vBN$zpor$3506605 702 #1 $aRossini,$bGioachino,$f1792-1868$4230$393958 702 #1 $aRibeiro,$bMário de Sampaio,$f1898-1966$4300$384758 702 #1 $aCalarrão,$bManuel B.,$ffl. 1940$4650$3132617 712 01 $aPortugal.$bConservatório Nacional.$bEscola de Música$4390$31172174 801 #0 $aPT$bBN$gRPC 966 ## $lBN$mFGMON$sS.A. 788//3 V. 966 ## $lBN$mMUSICA$sC.N. 416 P. $x7 966 ## $lBN$mMUSICA$sM. 614//4 P. $x1 966 ## $lBN$mMUSICA$sM. 1974 P.$x2 976 ## $d20260402$rjamaral 997 ## $aBIBEOD
Etiqueta de registo: 00493cam 2200193 450 001 744034 003 http://id.bnportugal.gov.pt/bib/catbnp/744034 100 ## $a19940107d1946 m y0pory01030103ba 101 1# $apor 102 ## $aPT 105 ## $aa z 000yy 106 ## $ar 200 1# $aPalhaços (Leoncavallo) 210 #9 $aLisboa$cManuel B. Calarrão,$dimp. 1946 215 ## $a40 p.$cil.$d19 cm 225 2# $aÓpera$fdir. Mário de Sampayo Ribeiro$v7 606 ## $aÓperas$x[Argumentos]$2SIPOR$31273101 675 ## $a78.089.1$vBN$zpor$3506605 702 #1 $aLeoncavallo,$bRuggero,$f1857-1919$4230$3151176 702 #1 $aRibeiro,$bMário de Sampaio,$f1898-1966$4300$384758 702 #1 $aCalarrão,$bManuel B.,$ffl. 1940$4650$3132617 801 #0 $aPT$bBN$gRPC 966 ## $lBN$mFGMON$sL. 44081//7 P. 966 ## $lBN$mMUSICA$sM. 1966 P.$x2 976 ## $d20260401$rjamaral 997 ## $aBIBEOD
Etiqueta de registo: 00490cam 2200193 450 001 746592 003 http://id.bnportugal.gov.pt/bib/catbnp/746592 100 ## $a19940111d1947 m y0pory01030103ba 101 1# $apor 102 ## $aPT 105 ## $aa z 000yy 106 ## $ar 200 1# $aMefistófeles (Boito) 210 #9 $aLisboa$cManuel B. Calarrão,$dimp. 1947 215 ## $a36 p.$cil.$d19 cm 225 2# $aÓpera$fdir. Mário de Sampayo Ribeiro$v13 317 ## $aConservatório Nacional$5PTBN: C.N. 413 P. 606 ## $aÓperas$x[Argumentos]$2SIPOR$31273101 675 ## $a78.089.1$vBN$zpor$3506605 702 #1 $aBoito,$bArrigo,$f1842-1918$4230$326870 702 #1 $aRibeiro,$bMário de Sampaio,$f1898-1966$4300$384758 702 #1 $aCalarrão,$bManuel B.,$ffl. 1940$4650$3132617 712 01 $aPortugal.$bConservatório Nacional.$bEscola de Música$4390$31172174 801 #0 $aPT$bBN$gRPC 966 ## $lBN$mFGMON$sL. 44082//5 P. 966 ## $lBN$mMUSICA$pConservatório Nacional$sC.N. 413 P. $x7 966 ## $lBN$mMUSICA$sM. 1971 P.$x2 976 ## $d20260402$rjamaral 997 ## $aBIBEOD
Etiqueta de registo: 00616cam 02200217 04500 001 198738 003 http://id.bnportugal.gov.pt/bib/catbnp/198738 100 ## $a19981130d1950 m y0pora01030103ba 101 1# $apor 102 ## $aPT 105 ## $aa z 000yy 106 ## $ar 200 1# $aD. Pascoal (Donizetti) 210 #9 $aLisboa$cManuel B. Calarrão,$dimp. 1950 215 ## $a55, [1] p.$cil.$d19 cm 225 2# $aÓpera$fdir. Mário de Sampayo Ribeiro$v41 317 ## $aConservatório Nacional$5PTBN: C.N. 436 P. 532 12 $aDom Pascoal 606 ## $aÓperas$x[Argumentos]$2SIPOR$31273101 675 ## $a78.089.1$vBN$zpor$3506605 702 #1 $aDonizetti,$bGaetano,$f1797-1848$4230$334941 702 #1 $aRibeiro,$bMário de Sampaio,$f1898-1966$4300$384758 702 #1 $aCalarrão,$bManuel B.,$ffl. 1940$4650$3132617 712 01 $aPortugal.$bConservatório Nacional.$bEscola de Música$4390$31172174 801 #0 $aPT$bBN$gRPC 966 ## $lBN$mFGMON$sB.R. 12542 966 ## $lBN$mFGMON$sL. 44086//1 P. 966 ## $lBN$mMUSICA$pConservatório Nacional$sC.N. 436 P. $x7 966 ## $lBN$mMUSICA$sM. 1997 P.$x2 976 ## $d20260407$rjamaral 997 ## $aBIBEOD
Etiqueta de registo: 00498cam 2200193 450 001 754078 003 http://id.bnportugal.gov.pt/bib/catbnp/754078 100 ## $a19940118d1950 m y0pory01030103ba 101 1# $apor 102 ## $aPT 105 ## $aa z 000yy 106 ## $ar 200 1# $aFausto (Gounod) 210 #9 $aLisboa$cManuel B. Calarrão,$dimp. 1950 215 ## $a55, [1] p., [1] f. desdobr. $cil.$d19 cm 225 2# $aÓpera$fdir. Mário de Sampayo Ribeiro$v33 317 ## $aConservatório Nacional$5PTBN: C.N. 429 P. 606 ## $aÓperas$x[Argumentos]$2SIPOR$31273101 675 ## $a78.089.1$vBN$zpor$3506605 702 #1 $aGounod,$bCharles,$f1818-1893$4230$338487 702 #1 $aRibeiro,$bMário de Sampaio,$f1898-1966$4300$384758 702 #1 $aCalarrão,$bManuel B.,$ffl. 1940$4650$3132617 712 01 $aPortugal.$bConservatório Nacional.$bEscola de Música$4390$31172174 801 #0 $aPT$bBN$gRPC 966 ## $lBN$mFGMON$sB.R. 11577 966 ## $lBN$mFGMON$sL. 44085//1 P. 966 ## $lBN$mMUSICA$pConservatório Nacional$sC.N. 429 P. $x7 966 ## $lBN$mMUSICA$sM. 1989 P.$x2 976 ## $d20260407$rjamaral 997 ## $aBIBEOD
Etiqueta de registo: 00520cam 2200193 450 001 753003 003 http://id.bnportugal.gov.pt/bib/catbnp/753003 100 ## $a19940117d1950 m y0pory01030103ba 101 1# $apor 102 ## $aPT 105 ## $aa z 000yy 106 ## $ar 200 1# $aMatrimónio secreto (Cimarosa) 210 #9 $aLisboa$cManuel B. Calarrão,$dimp. 1950 215 ## $a61, [2] p.$cil.$d19 cm 225 2# $aÓpera$fdir. Mário de Sampayo Ribeiro$v36 317 ## $aConservatório Nacional$5PTBN: C.N. 432 P. 606 ## $aÓperas$x[Argumentos]$2SIPOR$31273101 675 ## $a78.089.1$vBN$zpor$3506605 702 #1 $aCimarosa,$bDomenico,$f1749-1801$4230$325892 702 #1 $aRibeiro,$bMário de Sampaio,$f1898-1966$4300$384758 702 #1 $aCalarrão,$bManuel B.,$ffl. 1940$4650$3132617 712 01 $aPortugal.$bConservatório Nacional.$bEscola de Música$4390$31172174 801 #0 $aPT$bBN$gRPC 966 ## $lBN$mFGMON$sL. 44085//4 P. 966 ## $lBN$mMUSICA$pConservatório Nacional$sC.N. 432 P. $x7 966 ## $lBN$mMUSICA$sM. 1992 P.$x2 976 ## $d20260407$rjamaral 997 ## $aBIBEOD
Etiqueta de registo: 00611cam 2200205 450 001 258166 003 http://id.bnportugal.gov.pt/bib/catbnp/258166 100 ## $a19940623d1950 m y0pora01030103ba 101 1# $apor 102 ## $aPT 105 ## $aa z 000yy 106 ## $ar 200 1# $aOrfeu e Eurídice (Gluck) 210 #9 $aLisboa$cManuel B. Calarrão,$dimp. 1950 215 ## $a39, [1] p.$cil.$d19 cm 225 2# $aÓpera$fdir. Mário de Sampayo Ribeiro$v34 317 ## $aConservatório Nacional$5PTBN: C.N. 430 P. 606 ## $aÓperas$x[Argumentos]$2SIPOR$31273101 675 ## $a78.089.1$vBN$zpor$3506605 702 #1 $aGluck,$bChristoph Willibald,$f1714-1787$4230$335466 702 #1 $aRibeiro,$bMário de Sampaio,$f1898-1966$4300$384758 702 #1 $aCalarrão,$bManuel B.,$ffl. 1940$4650$3132617 712 01 $aPortugal.$bConservatório Nacional.$bEscola de Música$4390$31172174 801 #0 $aPT$bBN$gRPC 966 ## $lBN$mFGMON$sB.R. 14948$x3 966 ## $lBN$mFGMON$sL. 44085//2 P. 966 ## $lBN$mMUSICA$pConservatório Nacional$sC.N. 430 P. $x7 966 ## $lBN$mMUSICA$sM. 1990 P.$x2 976 ## $d20260407$rjamaral 997 ## $aBIBEOD
Etiqueta de registo: 00536cam 2200193 450 001 270349 003 http://id.bnportugal.gov.pt/bib/catbnp/270349 100 ## $a19981207d1951 m y0pora01030103ba 101 1# $apor 102 ## $aPT 105 ## $aa z 000yy 106 ## $ar 200 1# $aD. Carlos (Verdi) 210 #9 $aLisboa$cManuel B. Calarrão,$dimp. 1951 215 ## $a71, [1] p.$cil.$d19 cm 225 2# $aÓpera$fdir. Mário de Sampayo Ribeiro$v42 317 ## $aConservatório Nacional$5PTBN: C.N. 437 P. 532 12 $aDom Carlos (Verdi) 606 ## $aÓperas$x[Argumentos]$2SIPOR$31273101 675 ## $a78.089.1$vBN$zpor$3506605 702 #1 $aVerdi,$bGiuseppe,$f1813-1901$4230$352891 702 #1 $aRibeiro,$bMário de Sampaio,$f1898-1966$4300$384758 702 #1 $aCalarrão,$bManuel B.,$ffl. 1940$4650$3132617 712 01 $aPortugal.$bConservatório Nacional.$bEscola de Música$4390$31172174 801 #0 $aPT$bBN$gRPC 966 ## $lBN$mFGMON$sB.R. 11568 966 ## $lBN$mFGMON$sL. 44086//2 P. 966 ## $lBN$mMUSICA$pConservatório Nacional$sC.N. 437 P. $x7 966 ## $lBN$mMUSICA$sM. 1998 P.$x2 976 ## $d20260407$rjamaral 997 ## $aBIBEOD
Etiqueta de registo: 00501cam 2200193 450 001 758127 003 http://id.bnportugal.gov.pt/bib/catbnp/758127 100 ## $a19940121d1951 m y0pory01030103ba 101 1# $apor 102 ## $aPT 105 ## $aa z 000yy 106 ## $ar 200 1# $a A Arlesiana (Ciléa) 210 #9 $aLisboa$cManuel B. Calarrão,$dimp. 1951 215 ## $a35, [1] p.$cil.$d18 cm 225 2# $aÓpera$fdir. Mário de Sampayo Ribeiro$v44 317 ## $aConservatório Nacional$5PTBN: C.N. 439 P. 606 ## $aÓperas$x[Argumentos]$2SIPOR$31273101 675 ## $a78.089.1$vBN$zpor$3506605 702 #1 $aCilèa,$bFrancesco,$f1866-1950$4230$3720774 702 #1 $aRibeiro,$bMário de Sampaio,$f1898-1966$4300$384758 702 #1 $aCalarrão,$bManuel B.,$ffl. 1940$4650$3132617 712 01 $aPortugal.$bConservatório Nacional.$bEscola de Música$4390$31172174 801 #0 $aPT$bBN$gRPC 966 ## $lBN$mFGMON$sL. 44086//4 P. 966 ## $lBN$mMUSICA$pConservatório Nacional$sC.N. 439 P. $x7 966 ## $lBN$mMUSICA$sM. 2000 P.$x2 976 ## $d20260408$rjamaral 997 ## $aBIBEOD
Etiqueta de registo: 00545cam 2200193 450 001 549059 003 http://id.bnportugal.gov.pt/bib/catbnp/549059 100 ## $a19950719d1952 m y0pory01030103ba 101 1# $apor 102 ## $aPT 105 ## $aa z 000yy 106 ## $ar 200 1# $aSalomé (Strauss) 210 #9 $aLisboa$cManuel B. Calarrão,$dimp. 1952 215 ## $a43, [1] p.$cil.$d19 cm 225 2# $aÓpera$fdir. Mário de Sampayo Ribeiro$v58 317 ## $aConservatório Nacional$5PTBN: C.N. 450 P. 606 ## $aÓperas$x[Argumentos]$2SIPOR$31273101 675 ## $a78.089.1$vBN$zpor$3506605 702 #1 $aStrauss,$bRichard,$f1864-1949$4230$3142662 702 #1 $aRibeiro,$bMário de Sampaio,$f1898-1966$4300$384758 702 #1 $aCalarrão,$bManuel B.,$ffl. 1940$4650$3132617 712 01 $aPortugal.$bConservatório Nacional.$bEscola de Música$4390$31172174 801 #0 $aPT$bBN$gRPC 966 ## $lBN$mFGMON$sB.R. 11575 966 ## $lBN$mFGMON$sL. 44088//2 P. 966 ## $lBN$mMUSICA$pConservatório Nacional$sC.N. 450 P. $x7 966 ## $lBN$mMUSICA$sM. 2014 P.$x2 976 ## $d20260408$rjamaral 997 ## $aBIBEOD
Etiqueta de registo: 00525cam 2200193 450 001 549048 003 http://id.bnportugal.gov.pt/bib/catbnp/549048 100 ## $a19950719d1952 m y0pory01030103ba 101 1# $apor 102 ## $aPT 105 ## $aa z 000yy 106 ## $ar 200 1# $aFedora (Giordano) 210 #9 $aLisboa$cManuel B. Calarrão,$dimp. 1952 215 ## $a51, [1] p.$cil.$d19 cm 225 2# $aÓpera$fdir. Mário de Sampayo Ribeiro$v54 317 ## $aConservatório Nacional$5PTBN: C.N. 447 P. 606 ## $aÓperas$x[Argumentos]$2SIPOR$31273101 675 ## $a78.089.1$vBN$zpor$3506605 702 #1 $aGiordano,$bUmberto,$f1867-1948$4230$3186389 702 #1 $aRibeiro,$bMário de Sampaio,$f1898-1966$4300$384758 702 #1 $aCalarrão,$bManuel B.,$ffl. 1940$4650$3132617 712 01 $aPortugal.$bConservatório Nacional.$bEscola de Música$4390$31172174 801 #0 $aPT$bBN$gRPC 966 ## $lBN$mFGMON$sL. 44087//5 P. 966 ## $lBN$mMUSICA$pConservatório Nacional$sC.N. 447 P. $x7 966 ## $lBN$mMUSICA$sM. 2010 P.$x2 976 ## $d20260408$rjamaral 997 ## $aBIBEOD
Etiqueta de registo: 00569cam 2200193 450 001 548979 003 http://id.bnportugal.gov.pt/bib/catbnp/548979 100 ## $a19950719d1951 m y0pory01030103ba 101 1# $apor 102 ## $aPT 105 ## $aa z 000yy 106 ## $ar 200 1# $a O guarani (Carlos Gomes) 210 #9 $aLisboa$cManuel B. Calarrão,$dimp. 1951 215 ## $a51, [1] p.$cil.$d19 cm 225 2# $aÓpera$fdir. Mário de Sampayo Ribeiro$v47 317 ## $aConservatório Nacional$5PTBN: C.N. 442 P. 606 ## $aÓperas$x[Argumentos]$2SIPOR$31273101 675 ## $a78.089.1$vBN$zpor$3506605 702 #1 $aGomes,$bCarlos,$f1836-1896$4230$335186 702 #1 $aRibeiro,$bMário de Sampaio,$f1898-1966$4300$384758 702 #1 $aCalarrão,$bManuel B.,$ffl. 1940$4650$3132617 712 01 $aPortugal.$bConservatório Nacional.$bEscola de Música$4390$31172174 801 #0 $aPT$bBN$gRPC 966 ## $lBN$mFGMON$sL. 44086//7 P. 966 ## $lBN$mMUSICA$pConservatório Nacional$sC.N. 442 P. $x7 966 ## $lBN$mMUSICA$sM. 2003 P.$x2 976 ## $d20260408$rjamaral 997 ## $aBIBEOD
Etiqueta de registo: 00634cam 02200217 04500 001 198742 003 http://id.bnportugal.gov.pt/bib/catbnp/198742 100 ## $a19981130d1953 m y0pora01030103ba 101 1# $apor 102 ## $aPT 105 ## $aa z 000yy 106 ## $ar 200 1# $aMaria Egipcíaca (Respighi) 210 #9 $aLisboa$cManuel B. Calarrão,$dimp. 1953 215 ## $a40 p.$cil.$d19 cm 225 2# $aÓpera$fdir. Mário de Sampayo Ribeiro$v62 317 ## $aConservatório Nacional$5PTBN: C.N. 454 P. 606 ## $aÓperas$x[Argumentos]$2SIPOR$31273101 675 ## $a78.089.1$vBN$zpor$3506605 702 #1 $aRespighi,$bOttorino,$f1879-1936$4230$3106236 702 #1 $aRibeiro,$bMário de Sampaio,$f1898-1966$4300$384758 702 #1 $aCalarrão,$bManuel B.,$ffl. 1940$4650$3132617 712 01 $aPortugal.$bConservatório Nacional.$bEscola de Música$4390$31172174 801 #0 $aPT$bBN$gRPC 966 ## $lBN$mFGMON$sB.R. 12537 966 ## $lBN$mFGMON$sL. 44088//6 P. 966 ## $lBN$mMUSICA$pConservatório Nacional$sC.N. 454 P. $x7 966 ## $lBN$mMUSICA$sM. 2018 P.$x2 976 ## $d20260409$rjamaral 997 ## $aBIBEOD
Etiqueta de registo: 00626cam 02200217 04500 001 198739 003 http://id.bnportugal.gov.pt/bib/catbnp/198739 100 ## $a19981130d1951 m y0pora01030103ba 101 1# $apor 102 ## $aPT 105 ## $aa z 000yy 106 ## $ar 200 1# $aSimão Boccanegra (Verdi) 210 #9 $aLisboa$cManuel B. Calarrão,$dimp. 1951 215 ## $a51, [1] p.$cil.$d19 cm 225 2# $aÓpera$fdir. Mário de Sampayo Ribeiro$v51 317 ## $aConservatório Nacional$5PTBN: C.N. 445 P. 606 ## $aÓperas$x[Argumentos]$2SIPOR$31273101 675 ## $a78.089.1$vBN$zpor$3506605 702 #1 $aVerdi,$bGiuseppe,$f1813-1901$4230$352891 702 #1 $aRibeiro,$bMário de Sampaio,$f1898-1966$4300$384758 702 #1 $aCalarrão,$bManuel B.,$ffl. 1940$4650$3132617 712 01 $aPortugal.$bConservatório Nacional.$bEscola de Música$4390$31172174 801 #0 $aPT$bBN$gRPC 966 ## $lBN$mFGMON$sB.R. 12541 966 ## $lBN$mFGMON$sL. 39885//4 P. 966 ## $lBN$mMUSICA$pConservatório Nacional$sC.N. 445 P. $x7 966 ## $lBN$mMUSICA$sM. 2007 P.$x2 976 ## $d20260408$rjamaral 997 ## $aBIBEOD
Etiqueta de registo: 00605cam 2200205 450 001 268828 003 http://id.bnportugal.gov.pt/bib/catbnp/268828 100 ## $a19981207d1952 m y0pora01030103ba 101 1# $apor 102 ## $aPT 105 ## $aa z 000yy 106 ## $ar 200 1# $a O amor dos três reis (Montemezzi) 210 #9 $aLisboa$cManuel B. Calarrão,$dimp. 1952 215 ## $a39, [1] p.$cil.$d19 cm 225 2# $aÓpera$fdir. Mário de Sampayo Ribeiro$v53 317 ## $aConservatório Nacional$5PTBN: C.N. 446 P. 606 ## $aÓperas$x[Argumentos]$2SIPOR$31273101 675 ## $a78.089.1$vBN$zpor$3506605 702 #1 $aMontemezzi,$bItalo,$f1875-1952$4230$3443193 702 #1 $aRibeiro,$bMário de Sampaio,$f1898-1966$4300$384758 702 #1 $aCalarrão,$bManuel B.,$ffl. 1940$4650$3132617 712 01 $aPortugal.$bConservatório Nacional.$bEscola de Música$4390$31172174 801 #0 $aPT$bBN$gRPC 966 ## $lBN$mFGMON$sB.R. 11584 966 ## $lBN$mFGMON$sL. 44087//4 P. 966 ## $lBN$mMUSICA$pConservatório Nacional$sC.N. 446 P. $x7 966 ## $lBN$mMUSICA$sM. 2009 P.$x2 976 ## $d20260408$rjamaral 997 ## $aBIBEOD
Etiqueta de registo: 00476cam 2200181 450 001 756953 003 http://id.bnportugal.gov.pt/bib/catbnp/756953 100 ## $a19940119d1951 m y0pory01030103ba 101 1# $apor 102 ## $aPT 105 ## $aa z 000yy 106 ## $ar 200 1# $aFrancisca de Rímini (Zandonai) 210 #9 $aLisboa$cManuel B. Calarrão,$dimp. 1951 215 ## $a47, [1] p.$cil.$d19 cm 225 2# $aÓpera$fdir. Mário de Sampayo Ribeiro$v45 317 ## $aConservatório Nacional$5PTBN: C.N. 440 P. 606 ## $aÓperas$x[Argumentos]$2SIPOR$31273101 675 ## $a78.089.1$vBN$zpor$3506605 702 #1 $aZandonai,$bRiccardo,$f1883-1944$4230$31228988 702 #1 $aRibeiro,$bMário de Sampaio,$f1898-1966$4300$384758 702 #1 $aCalarrão,$bManuel B.,$ffl. 1940$4650$3132617 712 01 $aPortugal.$bConservatório Nacional.$bEscola de Música$4390$31172174 801 #0 $aPT$bBN$gRPC 966 ## $lBN$mFGMON$sL. 44086//5 P. 966 ## $lBN$mFGMON$sL. 100685 P.$x6 966 ## $lBN$mMUSICA$pConservatório Nacional$sC.N. 440 P. $x7 966 ## $lBN$mMUSICA$sM. 2001 P.$x2 976 ## $d20260408$rjamaral 997 ## $aBIBEOD
Etiqueta de registo: 00467cam 2200193 450 001 758805 003 http://id.bnportugal.gov.pt/bib/catbnp/758805 100 ## $a19940124d1951 m y0pory01030103ba 101 1# $apor 102 ## $aPT 105 ## $aa z 000yy 106 ## $ar 200 1# $aPuritanos (Bellini) 210 #9 $aLisboa$cManuel B. Calarrão,$dimp. 1951 215 ## $a39, [1] p.$cil.$d19 cm 225 2# $aÓpera$fdir. Mário de Sampayo Ribeiro$v46 317 ## $aConservatório Nacional$5PTBN: C.N. 441 P. 606 ## $aÓperas$x[Argumentos]$2SIPOR$31273101 675 ## $a78.089.1$vBN$zpor$3506605 702 #1 $aBellini,$bVincenzo,$f1801-1835$4230$342355 702 #1 $aRibeiro,$bMário de Sampaio,$f1898-1966$4300$384758 702 #1 $aCalarrão,$bManuel B.,$ffl. 1940$4650$3132617 712 01 $aPortugal.$bConservatório Nacional.$bEscola de Música$4390$31172174 801 #0 $aPT$bBN$gRPC 966 ## $lBN$mFGMON$sL. 44086//6 P. 966 ## $lBN$mMUSICA$pConservatório Nacional$sC.N. 441 P. $x7 966 ## $lBN$mMUSICA$sM. 2002 P.$x2 976 ## $d20260408$rjamaral 997 ## $aBIBEOD
Etiqueta de registo: 00607cam 2200205 450 001 270348 003 http://id.bnportugal.gov.pt/bib/catbnp/270348 100 ## $a19981207d1953 m y0pora01030103ba 101 1# $apor 102 ## $aPT 105 ## $aa z 000yy 106 ## $ar 200 1# $a O rapto do serralho (Mozart) 210 #9 $aLisboa$cManuel B. Calarrão,$dimp. 1953 215 ## $a47, [1] p.$cil.$d19 cm 225 2# $aÓpera$fdir. Mário de Sampayo Ribeiro$v61 317 ## $aConservatório Nacional$5PTBN: C.N. 453 P. 606 ## $aÓperas$x[Argumentos]$2SIPOR$31273101 675 ## $a78.089.1$vBN$zpor$3506605 702 #1 $aMozart,$bWolfgang Amadeus,$f1756-1791$4230$368108 702 #1 $aRibeiro,$bMário de Sampaio,$f1898-1966$4300$384758 702 #1 $aCalarrão,$bManuel B.,$ffl. 1940$4650$3132617 712 01 $aPortugal.$bConservatório Nacional.$bEscola de Música$4390$31172174 801 #0 $aPT$bBN$gRPC 966 ## $lBN$mFGMON$sB.R. 11567 966 ## $lBN$mFGMON$sL. 44088//5 P. 966 ## $lBN$mMUSICA$pConservatório Nacional$sC.N. 453 P. $x7 966 ## $lBN$mMUSICA$sM. 2017 P.$x2 976 ## $d20260409$rjamaral 997 ## $aBIBEOD
Etiqueta de registo: 00556cam 2200193 450 001 270346 003 http://id.bnportugal.gov.pt/bib/catbnp/270346 100 ## $a19981207d1951 m y0pora01030103ba 101 1# $apor 102 ## $aPT 105 ## $aa z 000yy 106 ## $ar 200 1# $aBoris Godunov (Mussorgsky) 210 #9 $aLisboa$cManuel B. Calarrão,$dimp. 1951 215 ## $a63, [1] p.$cil.$d19 cm 225 2# $aÓpera$fdir. Mário de Sampayo Ribeiro$v43 317 ## $aConservatório Nacional$5PTBN: C.N. 438 P. 606 ## $aÓperas$x[Argumentos]$2SIPOR$31273101 675 ## $a78.089.1$vBN$zpor$3506605 702 #1 $aMusorgsky,$bModest Petrovich,$f1839-1881$4230$3136713 702 #1 $aRibeiro,$bMário de Sampaio,$f1898-1966$4300$384758 702 #1 $aCalarrão,$bManuel B.,$ffl. 1940$4650$3132617 712 01 $aPortugal.$bConservatório Nacional.$bEscola de Música$4390$31172174 801 #0 $aPT$bBN$gRPC 966 ## $lBN$mFGMON$sB.R. 11565 966 ## $lBN$mMUSICA$pConservatório Nacional$sC.N. 438 P. $x7 966 ## $lBN$mMUSICA$sM. 1999 P.$x2 976 ## $d20260408$rjamaral 997 ## $aBIBEOD
Etiqueta de registo: 00605cam 2200205 450 001 270345 003 http://id.bnportugal.gov.pt/bib/catbnp/270345 100 ## $a19981207d1953 m y0pora01030103ba 101 1# $apor 102 ## $aPT 105 ## $aa z 000yy 106 ## $ar 200 1# $a As bodas de Fígaro (Mozart) 210 #9 $aLisboa$cManuel B. Calarrão,$dimp. 1953 215 ## $a59, [1] p.$cil.$d19 cm 225 2# $aÓpera$fdir. Mário de Sampayo Ribeiro$v65 317 ## $aDoação Madalena Furtado$5PTBN: M. 2566 P. 317 ## $aConservatório Nacional$5PTBN: C.N. 457 P. 606 ## $aÓperas$x[Argumentos]$2SIPOR$31273101 675 ## $a78.089.1$vBN$zpor$3506605 702 #1 $aMozart,$bWolfgang Amadeus,$f1756-1791$4230$368108 702 #1 $aRibeiro,$bMário de Sampaio,$f1898-1966$4300$384758 702 #1 $aCalarrão,$bManuel B.,$ffl. 1940$4650$3132617 712 01 $aPortugal.$bConservatório Nacional.$bEscola de Música$4390$31172174 801 #0 $aPT$bBN$gRPC 966 ## $lBN$mFGMON$sB.R. 11564 966 ## $lBN$mFGMON$sL. 44089//3 P. 966 ## $lBN$mMUSICA$pConservatório Nacional$sC.N. 457 P. $x7 966 ## $lBN$mMUSICA$sM. 2021 P.$x2 966 ## $lBN$mMUSICA$sM. 2566 P.$x3 976 ## $d20260409$rjamaral 997 ## $aBIBEOD
Etiqueta de registo: 00600cam 2200205 450 001 270344 003 http://id.bnportugal.gov.pt/bib/catbnp/270344 100 ## $a19981207d1952 m y0pora01030103ba 101 1# $apor 102 ## $aPT 105 ## $aa z 000yy 106 ## $ar 200 1# $a A flauta mágica (Mozart) 210 #9 $aLisboa$cManuel B. Calarrão,$dimp. 1952 215 ## $a57, [2] p.$cil.$d19 cm 225 2# $aÓpera$fdir. Mário de Sampayo Ribeiro$v56 317 ## $aConservatório Nacional$5PTBN: C.N. 449 P. 606 ## $aÓperas$x[Argumentos]$2SIPOR$31273101 675 ## $a78.089.1$vBN$zpor$3506605 702 #1 $aMozart,$bWolfgang Amadeus,$f1756-1791$4230$368108 702 #1 $aRibeiro,$bMário de Sampaio,$f1898-1966$4300$384758 702 #1 $aCalarrão,$bManuel B.,$ffl. 1940$4650$3132617 712 01 $aPortugal.$bConservatório Nacional.$bEscola de Música$4390$31172174 801 #0 $aPT$bBN$gRPC 966 ## $lBN$mFGMON$sB.R. 11563 966 ## $lBN$mFGMON$sL. 44087//7 P. 966 ## $lBN$mMUSICA$pConservatório Nacional$sC.N. 449 P. $x7 966 ## $lBN$mMUSICA$sM. 2012 P.$x2 976 ## $d20260408$rjamaral 997 ## $aBIBEOD
Etiqueta de registo: 00501cam 2200205 450 001 756298 003 http://id.bnportugal.gov.pt/bib/catbnp/756298 100 ## $a19940124d1951 m y0pory01030103ba 101 1# $apor 102 ## $aPT 105 ## $aa z 000yy 106 ## $ar 200 1# $aThaïs (Massenet) 210 #9 $aLisboa$cManuel B. Calarrão,$dimp. 1951 215 ## $a47, [1] p.$cil.$d19 cm 225 2# $aÓpera$fdir. Mário de Sampayo Ribeiro$v48 317 ## $aConservatório Nacional$5PTBN: C.N. 443 P. 606 ## $aÓperas$x[Argumentos]$2SIPOR$31273101 675 ## $a78.089.1$vBN$zpor$3506605 702 #1 $aMassenet,$bJules,$f1842-1912$4230$3164380 702 #1 $aRibeiro,$bMário de Sampaio,$f1898-1966$4300$384758 702 #1 $aCalarrão,$bManuel B.,$ffl. 1940$4650$3132617 712 01 $aPortugal.$bConservatório Nacional.$bEscola de Música$4390$31172174 801 #0 $aPT$bBN$gRPC 966 ## $lBN$mFGMON$sL. 21738//6 P. 966 ## $lBN$mFGMON$sL. 44086//8 P. 966 ## $lBN$mMUSICA$pConservatório Nacional$sC.N. 443 P. $x7 966 ## $lBN$mMUSICA$sM. 2004 P.$x2 976 ## $d20260408$rjamaral 997 ## $aBIBEOD
Etiqueta de registo: 00491cam 2200193 450 001 751292 003 http://id.bnportugal.gov.pt/bib/catbnp/751292 100 ## $a19940113d1949 m y0pory01030103ba 101 1# $apor 102 ## $aPT 105 ## $aa z 000yy 106 ## $ar 200 1# $aWerther (Massenet) 210 #9 $aLisboa$cManuel B. Calarrão,$dimp. 1949 215 ## $a55, [1] p.$cil.$d19 cm 225 2# $aÓpera$fdir. Mário de Sampayo Ribeiro$v29 317 ## $aConservatório Nacional$5PTBN: C.N. 425 P. 606 ## $aÓperas$x[Argumentos]$2SIPOR$31273101 675 ## $a78.089.1$vBN$zpor$3506605 702 #1 $aMassenet,$bJules,$f1842-1912$4230$3164380 702 #1 $aRibeiro,$bMário de Sampaio,$f1898-1966$4300$384758 702 #1 $aCalarrão,$bManuel B.,$ffl. 1940$4650$3132617 712 01 $aPortugal.$bConservatório Nacional.$bEscola de Música$4390$31172174 801 #0 $aPT$bBN$gRPC 966 ## $lBN$mFGMON$sL. 44084//5 P. 966 ## $lBN$mMUSICA$pConservatório Nacional$sC.N. 425 P. $x7 966 ## $lBN$mMUSICA$sM. 1985 P.$x2 976 ## $d20260407$rjamaral 997 ## $aBIBEOD
Etiqueta de registo: 00551cam 2200193 450 001 549068 003 http://id.bnportugal.gov.pt/bib/catbnp/549068 100 ## $a19950719d1953 m y0pory01030103ba 101 1# $apor 102 ## $aPT 105 ## $aa z 000yy 106 ## $ar 200 1# $aParsifal (Wagner) 210 #9 $aLisboa$cManuel B. Calarrão,$dimp. 1953 215 ## $a62, [1] p.$cil.$d19 cm 225 2# $aÓpera$fdir. Mário de Sampayo Ribeiro$v60 317 ## $aConservatório Nacional$5PTBN: C.N. 452 P. 606 ## $aÓperas$x[Argumentos]$2SIPOR$31273101 675 ## $a78.089.1$vBN$zpor$3506605 702 #1 $aWagner,$bRichard,$f1813-1883$4230$336996 702 #1 $aRibeiro,$bMário de Sampaio,$f1898-1966$4300$384758 702 #1 $aCalarrão,$bManuel B.,$ffl. 1940$4650$3132617 712 01 $aPortugal.$bConservatório Nacional.$bEscola de Música$4390$31172174 801 #0 $aPT$bBN$gRPC 966 ## $lBN$mFGMON$sL. 44088//4 P. 966 ## $lBN$mMUSICA$pConservatório Nacional$sC.N. 452 P. $x7 966 ## $lBN$mMUSICA$sM. 2016 P.$x2 976 ## $d20260408$rjamaral 997 ## $aBIBEOD
Etiqueta de registo: 00626cam 2200205 450 001 549053 003 http://id.bnportugal.gov.pt/bib/catbnp/549053 100 ## $a19950719d1952 m y0pory01030103ba 101 1# $apor 102 ## $aPT 105 ## $aa z 000yy 106 ## $ar 200 1# $a O anel do Nibelungo (tetralogia).$i O ouro do Reno (Wagner) 210 #9 $aLisboa$cManuel B. Calarrão,$dimp. 1952 215 ## $a59, [1] p.$cil.$d19 cm 225 2# $aÓpera$fdir. Mário de Sampayo Ribeiro$v55 317 ## $aConservatório Nacional$5PTBN: C.N. 448 P. 545 1# $a O anel do Nibelungo (Tetralogia) 606 ## $aÓperas$x[Argumentos]$2SIPOR$31273101 675 ## $a78.089.1$vBN$zpor$3506605 702 #1 $aWagner,$bRichard,$f1813-1883$4230$336996 702 #1 $aRibeiro,$bMário de Sampaio,$f1898-1966$4300$384758 702 #1 $aCalarrão,$bManuel B.,$ffl. 1940$4650$3132617 712 01 $aPortugal.$bConservatório Nacional.$bEscola de Música$4390$31172174 801 #0 $aPT$bBN$gRPC 966 ## $lBN$mFGMON$sL. 44087//6 P. 966 ## $lBN$mMUSICA$pConservatório Nacional$sC.N. 448 P. $x7 966 ## $lBN$mMUSICA$sM. 2011 P.$x2 976 ## $d20260408$rjamaral 997 ## $aBIBEOD
Etiqueta de registo: 00571cam 2200193 450 001 258165 003 http://id.bnportugal.gov.pt/bib/catbnp/258165 100 ## $a19910303d1951 m y0pora01030103ba 101 0# $apor 102 ## $aPT 105 ## $aa z 000yy 106 ## $ar 200 1# $a O navio fantasma ( Wagner) 210 #9 $aLisboa$cManuel B. Calarrão,$dimp. 1951 215 ## $a46, [1] p.$cil.$d19 cm 225 2# $aÓpera$fdir. Mário de Sampayo Ribeiro$v49 317 ## $aConservatório Nacional$5PTBN: C.N. 444 P. 606 ## $aÓperas$x[Argumentos]$2SIPOR$31273101 675 ## $a78.089.1$vBN$zpor$3506605 702 #1 $aWagner,$bRichard,$f1813-1883$4230$336996 702 #1 $aRibeiro,$bMário de Sampaio,$f1898-1966$4300$384758 702 #1 $aCalarrão,$bManuel B.,$ffl. 1940$4650$3132617 712 01 $aPortugal.$bConservatório Nacional.$bEscola de Música$4390$31172174 801 #0 $aPT$bBN$gRPC 966 ## $lBN$mFGMON$sB.R. 14947$x3 966 ## $lBN$mFGMON$sL. 44087//1 P. 966 ## $lBN$mMUSICA$pConservatório Nacional$sC.N. 444 P. $x7 966 ## $lBN$mMUSICA$sM. 2005 P.$x2 976 ## $d20260408$rjamaral 997 ## $aBIBEOD
Etiqueta de registo: 00528cam 2200181 450 001 748112 003 http://id.bnportugal.gov.pt/bib/catbnp/748112 100 ## $a19940112g19479999km y0pory01030103ba 101 0# $apor 102 ## $aPT 105 ## $aaf z 000yy 106 ## $ar 200 1# $aCidades e vilas do império$ftexto Celestino David$gdes. José Félix$glegendas António da Rocha Barbosa 210 #9 $aLisboa$cManuel B. Calarrão$d1947- $eLisboa :$gSoc. Ind. de Tipografia) 215 ## $av.$d26 cm 225 2# $aPortugal turístico$v1 327 0# $a1º v., nº 1: Évora / ed. Manuel B. Calarrão. - XVI p. a 2 colns, 32, [4] p. il. 517 1# $aÉvora 675 ## $a94(469.512)$vBN$zpor$31009089 675 ## $a726(469.512)$vBN$zpor$3627705 700 #1 $aDavid,$bCelestino,$f1880-1952$364980 702 #1 $aCalarrão,$bManuel B.,$ffl. 1940$4340$3132617 702 #1 $93$aFélix,$bJosé$4440$3285235 702 #1 $aBarbosa,$bAntónio Rocha$4340$31559210 801 #0 $aPT$bBN$gRPC 966 ## $lBN$mFGMON$sC.G. 6026 V. 966 ## $b001$d1º v.$enº 1$lBN$mFGMON$sC.G. 22377 V.$x6 998 ## $aCR635-381
Etiqueta de registo: 00547cam 2200193 450 001 270353 003 http://id.bnportugal.gov.pt/bib/catbnp/270353 100 ## $a19981207d1953 m y0pora01030103ba 101 1# $apor 102 ## $aPT 105 ## $aa z 000yy 106 ## $ar 200 1# $aD. Quixote (Massenet) 210 #9 $aLisboa$cManuel B. Calarrão,$dimp. 1953 215 ## $a39, [1] p.$cil.$d19 cm 225 2# $aÓpera$fdir. de Mário de Sampayo Ribeiro$v63 317 ## $aConservatório Nacional$5PTBN: C.N. 455 P. 532 12 $aDom Quixote (Massenet) 606 ## $aÓperas$x[Argumentos]$2SIPOR$31273101 675 ## $a78.089.1$vBN$zpor$3506605 702 #1 $aMassenet,$bJules,$f1842-1912$4230$3164380 702 #1 $aRibeiro,$bMário de Sampaio,$f1898-1966$4300$384758 702 #1 $aCalarrão,$bManuel B.,$ffl. 1940$4650$3132617 712 01 $aPortugal.$bConservatório Nacional.$bEscola de Música$4390$31172174 801 #0 $aPT$bBN$gRPC 966 ## $lBN$mFGMON$sB.R. 11572 966 ## $lBN$mFGMON$sL. 44089//1 P. 966 ## $lBN$mMUSICA$pConservatório Nacional$sC.N. 455 P. $x7 966 ## $lBN$mMUSICA$sM. 2019 P.$x2 976 ## $d20260409$rjamaral 997 ## $aBIBEOD
Etiqueta de registo: 00518cam 2200193 450 001 752125 003 http://id.bnportugal.gov.pt/bib/catbnp/752125 100 ## $a19940113d1949 m y0pory01030103ba 101 1# $apor 102 ## $aPT 105 ## $aa z 000yy 106 ## $ar 200 1# $aMignon (Thomas) 210 #9 $aLisboa$cManuel B. Calarrão,$dimp. 1949 215 ## $a63, [1] p.$cil.$d19 cm 225 2# $aÓpera$fdir. Mário de Sampayo Ribeiro$v31 317 ## $aConservatório Nacional$5PTBN: C.N. 427 P. 606 ## $aÓperas$x[Argumentos]$2SIPOR$31273101 675 ## $a78.089.1$vBN$zpor$3506605 702 #1 $aThomas,$bAmbroise,$f1811-1896$4230$3256993 702 #1 $aRibeiro,$bMário de Sampaio,$f1898-1966$4300$384758 702 #1 $aCalarrão,$bManuel B.,$ffl. 1940$4650$3132617 712 01 $aPortugal.$bConservatório Nacional.$bEscola de Música$4390$31172174 801 #0 $aPT$bBN$gRPC 966 ## $lBN$mFGMON$sL. 44084//7 P. 966 ## $lBN$mMUSICA$pConservatório Nacional$sC.N. 427 P. $x7 966 ## $lBN$mMUSICA$sM. 1987 P.$x2 976 ## $d20260407$rjamaral 997 ## $aBIBEOD
Etiqueta de registo: 00566cam 02200217 04500 001 751420 003 http://id.bnportugal.gov.pt/bib/catbnp/751420 100 ## $a19940113d1949 m y0pory01030103ba 101 1# $apor 102 ## $aPT 105 ## $aa z 000yy 106 ## $ar 200 1# $aD. João (Mozart) 210 #9 $aLisboa$cManuel B. Calarrão,$dimp. 1949 215 ## $a66, [2] p.$cil.$d18 cm 225 2# $aÓpera$fdir. Mário de Sampayo Ribeiro$v26 317 ## $aDoação Madalena Furtado$5PTBN: M. 2568 P. 317 ## $aConservatório Nacional$5PTBN: C.N. 422 P. 606 ## $aÓperas$x[Argumentos]$2SIPOR$31273101 675 ## $a78.089.1$vBN$zpor$3506605 702 #1 $aMozart,$bWolfgang Amadeus,$f1756-1791$4230$368108 702 #1 $aRibeiro,$bMário de Sampaio,$f1898-1966$4300$384758 702 #1 $aCalarrão,$bManuel B.,$ffl. 1940$4650$3132617 712 01 $aPortugal.$bConservatório Nacional.$bEscola de Música$4390$31172174 801 #0 $aPT$bBN$gRPC 966 ## $lBN$mFGMON$sL. 5762 P. 966 ## $lBN$mFGMON$sL. 44084//2 P. 966 ## $lBN$mMUSICA$pConservatório Nacional$sC.N. 422 P. $x7 966 ## $lBN$mMUSICA$sM. 1982 P.$x2 966 ## $lBN$mMUSICA$sM. 2568 P.$x3 976 ## $d20260407$rjamaral 997 ## $aBIBEOD
Etiqueta de registo: 00629nam 2200205 450 001 2283324 003 http://id.bnportugal.gov.pt/bib/catbnp/2283324 100 ## $a20260331d1951 m y0pora01030103ba 101 1# $apor 102 ## $aPT 105 ## $aa z 000yy 106 ## $ar 200 1# $aNorma (Bellini) 205 ## $a3ª ed. rev 210 #9 $aLisboa$cManuel B. Calarrão,$dimp. 1951 215 ## $a39, [1] p.$cil.$d19 cm 225 2# $aÓpera$fdir. Mário de Sampayo Ribeiro$v3 317 ## $aConservatório Nacional$5PTBN: C.N. 407 P. 606 ## $aÓperas$x[Argumentos]$2SIPOR$31273101 675 ## $a78.089.1$vBN$zpor$3506605 702 #1 $aBellini,$bVincenzo,$f1801-1835$4230$342355 702 #1 $aRibeiro,$bMário de Sampaio,$f1898-1966$4300$384758 702 #1 $aCalarrão,$bManuel B.,$ffl. 1940$4650$3132617 712 01 $aPortugal.$bConservatório Nacional.$bEscola de Música$4390$31172174 801 #0 $aPT$bBN$gRPC 966 ## $lBN$mMUSICA$pConservatório Nacional$sC.N. 407 P. $x7 971 ## $cjamaral$d20260331 972 ## $e0$z0$d20260522$vssequeira 997 ## $aBIBEOD
Etiqueta de registo: 00610nam 02200205 04500 001 2283300 003 http://id.bnportugal.gov.pt/bib/catbnp/2283300 100 ## $a20260331d1948 m y0pory01030103ba 101 1# $apor 102 ## $aPT 105 ## $aa z 000yy 106 ## $ar 200 1# $aLucia de Lammermoor (Donizetti) 205 ## $a3ª ed. actualizada 210 #9 $aLisboa$cManuel B. Calarrão,$dimp. 1948 215 ## $a31, [1] p.$cil.$d19 cm 225 2# $aÓpera$fdir. Mário de Sampaio Ribeiro$v2 317 ## $aConservatório Nacional$5PTBN: C.N. 405 P. 606 ## $aÓperas$x[Argumentos]$2SIPOR$31273101 675 ## $a78.089.1$vBN$zpor$3506605 702 #1 $aRibeiro,$bMário de Sampaio,$f1898-1966$4300$384758 702 #1 $aDonizetti,$bGaetano,$f1797-1848$4230$334941 702 #1 $aCalarrão,$bManuel B.,$ffl. 1940$4650$3132617 712 01 $aPortugal.$bConservatório Nacional.$bEscola de Música$4390$31172174 801 #0 $aPT$bBN$gRPC 966 ## $lBN$mMUSICA$pConservatório Nacional$sC.N. 405 P. $x7 971 ## $cjamaral$d20260331 972 ## $e0$z0$d20260522$vssequeira 997 ## $aBIBEOD
Etiqueta de registo: 00630cam 02200217 04500 001 198744 003 http://id.bnportugal.gov.pt/bib/catbnp/198744 100 ## $a19981130d1946 m y0pora01030103ba 101 1# $apor 102 ## $aPT 105 ## $aa z 000yy 106 ## $ar 200 1# $a A favorita (Donizetti) 210 #9 $aLisboa$cManuel B. Calarrão,$dimp. 1946 215 ## $a36 p.$cil.$d19 cm 225 2# $aÓpera$fdir. Mário de Sampayo Ribeiro$v10 606 ## $aÓperas$x[Argumentos]$2SIPOR$31273101 675 ## $a78.089.1$vBN$zpor$3506605 702 #1 $aDonizetti,$bGaetano,$f1797-1848$4230$334941 702 #1 $aRibeiro,$bMário de Sampaio,$f1898-1966$4300$384758 702 #1 $aCalarrão,$bManuel B.,$ffl. 1940$4650$3132617 801 #0 $aPT$bBN$gRPC 966 ## $lBN$mFGMON$sB.R. 12544 966 ## $lBN$mFGMON$sL. 44082//2 P. 966 ## $lBN$mMUSICA$sM. 1968 P.$x2 976 ## $d20260401$rjamaral 997 ## $aBIBEOD
Etiqueta de registo: 00595nam 02200205 04500 001 2283426 003 http://id.bnportugal.gov.pt/bib/catbnp/2283426 100 ## $a20260401d1951 m y0pora01030103ba 101 1# $apor 102 ## $aPT 105 ## $aa z 000yy 106 ## $ar 200 1# $a Um baile de máscaras (Verdi) 205 ## $a2ª ed. rev. e actualizada 210 #9 $aLisboa$cManuel B. Calarrão,$dimp. 1951 215 ## $a43, [1] p.$cil.$d19 cm 225 2# $aÓpera$fdir. Mário de Sampayo Ribeiro$v12 317 ## $aConservatório Nacional$5PTBN: C.N. 412 P. 606 ## $aÓperas$x[Argumentos]$2SIPOR$31273101 675 ## $a78.089.1$vBN$zpor$3506605 702 #1 $aVerdi,$bGiuseppe,$f1813-1901$4230$352891 702 #1 $aRibeiro,$bMário de Sampaio,$f1898-1966$4300$384758 702 #1 $aCalarrão,$bManuel B.,$ffl. 1940$4650$3132617 712 01 $aPortugal.$bConservatório Nacional.$bEscola de Música$4390$31172174 801 #0 $aPT$bBN$gRPC 966 ## $lBN$mMUSICA$pConservatório Nacional$sC.N. 412 P. $x7 971 ## $cjamaral$d20260401 972 ## $e0$z0$d20260522$vssequeira 997 ## $aBIBEOD
Etiqueta de registo: 00475nam 2200193 450 001 2283420 003 http://id.bnportugal.gov.pt/bib/catbnp/2283420 100 ## $a20260401d1951 m y0pory01030103ba 101 1# $apor 102 ## $aPT 105 ## $aa z 000yy 106 ## $ar 200 1# $aCarmen (Bizet) 205 ## $a2ª ed. rev 210 #9 $aLisboa$cManuel B. Calarrão,$dimp. 1951 215 ## $a47, [1] p.$cil.$d19 cm 225 2# $aÓpera$fdir. Mário de Sampayo Ribeiro$v11 317 ## $aConservatório Nacional$5PTBN: C.N. 411 P. 606 ## $aÓperas$x[Argumentos]$2SIPOR$31273101 675 ## $a78.089.1$vBN$zpor$3506605 702 #1 $aBizet,$bGeorges,$cpseud.$4230$326479 702 #1 $aRibeiro,$bMário de Sampaio,$f1898-1966$4300$384758 702 #1 $aCalarrão,$bManuel B.,$ffl. 1940$4650$3132617 712 01 $aPortugal.$bConservatório Nacional.$bEscola de Música$4390$31172174 801 #0 $aPT$bBN$gRPC 966 ## $lBN$mMUSICA$pConservatório Nacional$sC.N. 411 P. $x7 971 ## $cjamaral$d20260401 972 ## $e0$z0$d20260522$vssequeira 997 ## $aBIBEOD
Etiqueta de registo: 00630nam 02200217 04500 001 2283415 003 http://id.bnportugal.gov.pt/bib/catbnp/2283415 100 ## $a20260401d1948 m y0pora01030103ba 101 1# $apor 102 ## $aPT 105 ## $aa z 000yy 106 ## $ar 200 1# $a A favorita (Donizetti) 205 ## $a2ª ed., correcta e actualizada 210 #9 $aLisboa$cManuel B. Calarrão,$dimp. 1948 215 ## $a39, [1] p.$cil.$d19 cm 225 2# $aÓpera$fdir. Mário de Sampayo Ribeiro$v10 317 ## $aConservatório Nacional$5PTBN: C.N. 410 P. 606 ## $aÓperas$x[Argumentos]$2SIPOR$31273101 675 ## $a78.089.1$vBN$zpor$3506605 702 #1 $aDonizetti,$bGaetano,$f1797-1848$4230$334941 702 #1 $aRibeiro,$bMário de Sampaio,$f1898-1966$4300$384758 702 #1 $aCalarrão,$bManuel B.,$ffl. 1940$4650$3132617 712 01 $aPortugal.$bConservatório Nacional.$bEscola de Música$4390$31172174 801 #0 $aPT$bBN$gRPC 966 ## $lBN$mMUSICA$pConservatório Nacional$sC.N. 410 P. $x7 971 ## $cjamaral$d20260401 972 ## $e0$z0$d20260522$vssequeira 997 ## $aBIBEOD
Etiqueta de registo: 00543nam 2200193 450 001 2283410 003 http://id.bnportugal.gov.pt/bib/catbnp/2283410 100 ## $a20260401d1947 m y0pory01030103ba 101 1# $apor 102 ## $aPT 105 ## $aa z 000yy 106 ## $ar 200 1# $aManon (Massenet) 205 ## $a2ª ed., rev. e actualizada 210 #9 $aLisboa$cManuel B. Calarrão,$dimp. 1947 215 ## $a48 p.$cil.$d19 cm 225 2# $aÓpera$fdir. Mário de Sampayo Ribeiro$v6 317 ## $aConservatório Nacional$5PTBN: C.N. 409 P. 606 ## $aÓperas$x[Argumentos]$2SIPOR$31273101 675 ## $a78.089.1$vBN$zpor$3506605 702 #1 $aMassenet,$bJules,$f1842-1912$4230$3164380 702 #1 $aRibeiro,$bMário de Sampaio,$f1898-1966$4300$384758 702 #1 $aCalarrão,$bManuel B.,$ffl. 1940$4650$3132617 712 01 $aPortugal.$bConservatório Nacional.$bEscola de Música$4390$31172174 801 #0 $aPT$bBN$gRPC 966 ## $lBN$mFGMON$sL. 44090//6 P. 966 ## $lBN$mMUSICA$pConservatório Nacional$sC.N. 409 P. $x7 971 ## $cjamaral$d20260401 972 ## $e0$z0$d20260522$vssequeira 997 ## $aBIBEOD
Etiqueta de registo: 00269nam 2200145 450 001 2283407 003 http://id.bnportugal.gov.pt/bib/catbnp/2283407 100 ## $a20260401f19501959m y0pory01030103ba 101 1# $apor 102 ## $aPT 105 ## $aa z 000yy 106 ## $ar 200 1# $aLohengrin (Wagner) 205 ## $a2ª ed., rev 210 #9 $aLisboa$cManuel B. Calarrão,$d[195-] 215 ## $a40 p.$cil.$d19 cm 225 2# $aÓpera$fdir. Mário de Sampayo Ribeiro$v5 317 ## $aConservatório Nacional$5PTBN: C.N. 408 P. 606 ## $aÓperas$x[Argumentos]$2SIPOR$31273101 675 ## $a78.089.1$vBN$zpor$3506605 702 #1 $aWagner,$bJoseph,$f1706-1780$4230$3246166 702 #1 $aRibeiro,$bMário de Sampaio,$f1898-1966$4300$384758 702 #1 $aCalarrão,$bManuel B.,$ffl. 1940$4650$3132617 712 01 $aPortugal.$bConservatório Nacional.$bEscola de Música$4390$31172174 801 #0 $aPT$bBN$gRPC 966 ## $lBN$mFGMON$sB.R. 11570 966 ## $lBN$mFGMON$sL. 44081//5 P. 966 ## $lBN$mFGMON$sL. 44090//5 P. 966 ## $lBN$mMUSICA$pConservatório Nacional$sC.N. 408 P. $x7 971 ## $cjamaral$d20260401 972 ## $e0$z0$d20260522$vssequeira 997 ## $aBIBEOD
Etiqueta de registo: 00547cam 2200205 450 001 747478 003 http://id.bnportugal.gov.pt/bib/catbnp/747478 100 ## $a19940112d1947 m y0pory01030103ba 101 1# $apor 102 ## $aPT 105 ## $aa z 000yy 106 ## $ar 200 1# $aPalhaços (Leoncavallo) 205 ## $a2ª ed., rev. e actualizada 210 #9 $aLisboa$cManuel B. Calarrão,$dimp. 1947 215 ## $a40 p.$cil.$d19 cm 225 2# $aÓpera$fdir. Mário de Sampayo Ribeiro$v7 317 ## $aConservatório Nacional$5PTBN: C.N. 646 P. 606 ## $aÓperas$x[Argumentos]$2SIPOR$31273101 675 ## $a78.089.1$vBN$zpor$3506605 702 #1 $aLeoncavallo,$bRuggero,$f1857-1919$4230$3151176 702 #1 $aRibeiro,$bMário de Sampaio,$f1898-1966$4300$384758 702 #1 $aCalarrão,$bManuel B.,$ffl. 1940$4650$3132617 712 01 $aPortugal.$bConservatório Nacional.$bEscola de Música$4390$31172174 801 #0 $aPT$bBN$gRPC 966 ## $lBN$mFGMON$sL. 44090//7 P. 966 ## $lBN$mMUSICA$pConservatório Nacional$sC.N. 646 P. $x3 976 ## $d20260401$rjamaral 997 ## $aBIBEOD
Etiqueta de registo: 00552cam 2200193 450 001 268827 003 http://id.bnportugal.gov.pt/bib/catbnp/268827 100 ## $a19981207d1955 m y0pora01030103ba 101 1# $apor 102 ## $aPT 105 ## $aa z 000yy 106 ## $ar 200 1# $aMoisés (Rossini) 210 #9 $aLisboa$cManuel B. Calarrão,$dimp. 1955 215 ## $a35, [1] p.$cil.$d19 cm 225 2# $aÓpera$fdir. Mário de Sampayo Ribeiro$v73 317 ## $aConservatório Nacional$5PTBN: C.N. 464 P. 606 ## $aÓperas$x[Argumentos]$2SIPOR$31273101 675 ## $a78.089.1$vBN$zpor$3506605 702 #1 $aRossini,$bGioachino,$f1792-1868$4230$393958 702 #1 $aRibeiro,$bMário de Sampaio,$f1898-1966$4300$384758 702 #1 $aCalarrão,$bManuel B.,$ffl. 1940$4650$3132617 712 01 $aPortugal.$bConservatório Nacional.$bEscola de Música$4390$31172174 801 #0 $aPT$bBN$gRPC 966 ## $lBN$mFGMON$sB.R. 11583 966 ## $lBN$mFGMON$sL. 43202//3 P. 966 ## $lBN$mMUSICA$pConservatório Nacional$sC.N. 464 P. $x7 966 ## $lBN$mMUSICA$sM. 2028 P.$x2 976 ## $d20260410$rjamaral 997 ## $aBIBEOD
|
|
|